All US County Seats on a Map - Statistics

General Stats
  • This quiz has been taken 897 times
    129 since last reset
  • The average score is 598 of 3143
Answers on the Map
Answers color-coded by a green-red scale on the quiz's map according to % correct below.
 
Answer Stats
State County Seat % Correct
California Amador Jackson
78%
Georgia Butts Jackson
78%
Kentucky Breathitt Jackson
78%
Michigan Jackson Jackson
78%
Minnesota Jackson Jackson
78%
Missouri Cape Girardeau Jackson
78%
North Carolina Northampton Jackson
78%
Ohio Jackson Jackson
78%
Tennessee Madison Jackson
78%
Wyoming Teton Jackson
78%
Georgia Muscogee Columbus
76%
Indiana Bartholomew Columbus
76%
Kansas Cherokee Columbus
76%
Mississippi Lowndes Columbus
76%
Montana Stillwater Columbus
76%
Nebraska Platte Columbus
76%
North Carolina Polk Columbus
76%
Ohio Franklin Columbus
76%
Texas Colorado Columbus
76%
Georgia Paulding Dallas
76%
Oregon Polk Dallas
76%
Texas Dallas Dallas
76%
DC District of Columbia Washington
76%
Georgia Wilkes Washington
76%
Indiana Daviess Washington
76%
Iowa Washington Washington
76%
Kansas Washington Washington
76%
North Carolina Beaufort Washington
76%
Pennsylvania Washington Washington
76%
Virginia Rappahannock Washington
76%
Illinois Logan Lincoln
73%
Kansas Lincoln Lincoln
73%
Nebraska Lancaster Lincoln
73%
Florida Miami-Dade Miami
71%
Oklahoma Ottawa Miami
71%
Texas Roberts Miami
71%
Indiana Jay Portland
71%
Maine Cumberland Portland
71%
Oregon Multnomah Portland
71%
Georgia Dougherty Albany
69%
Kentucky Clinton Albany
69%
Missouri Gentry Albany
69%
New York Albany Albany
69%
Oregon Linn Albany
69%
Texas Shackelford Albany
69%
Minnesota Wright Buffalo
69%
Missouri Dallas Buffalo
69%
New York Erie Buffalo
69%
Oklahoma Harper Buffalo
69%
South Dakota Harding Buffalo
69%
Wyoming Johnson Buffalo
69%
Illinois Coles Charleston
69%
Missouri Mississippi Charleston
69%
South Carolina Charleston Charleston
69%
West Virginia Kanawha Charleston
69%
Kentucky Adair Columbia
69%
Louisiana Caldwell Columbia
69%
Mississippi Marion Columbia
69%
Missouri Boone Columbia
69%
North Carolina Tyrrell Columbia
69%
South Carolina Richland Columbia
69%
Tennessee Maury Columbia
69%
Florida Madison Madison
69%
Georgia Morgan Madison
69%
Indiana Jefferson Madison
69%
Minnesota Lac qui Parle Madison
69%
Nebraska Madison Madison
69%
South Dakota Lake Madison
69%
Virginia Madison Madison
69%
West Virginia Boone Madison
69%
Wisconsin Dane Madison
69%
Idaho Ada Boise
67%
Texas El Paso El Paso
67%
Michigan Oceana Hart
67%
Nevada Clark Las Vegas
67%
New Mexico San Miguel Las Vegas
67%
Nevada Washoe Reno
67%
Arkansas Fulton Salem
67%
Illinois Marion Salem
67%
Indiana Washington Salem
67%
Missouri Dent Salem
67%
New Jersey Salem Salem
67%
Oregon Marion Salem
67%
South Dakota McCook Salem
67%
Virginia Roanoke Salem
67%
California San Diego San Diego
67%
Texas Duval San Diego
67%
California San Francisco San Francisco
67%
Virginia Salem Salem
67%
Colorado Baca Springfield
67%
Georgia Effingham Springfield
67%
Illinois Sangamon Springfield
67%
Kentucky Washington Springfield
67%
Massachusetts Hampden Springfield
67%
Missouri Greene Springfield
67%
Ohio Clark Springfield
67%
Tennessee Robertson Springfield
67%
North Carolina Forsyth Winston-Salem
67%
Montana Fallon Baker
65%
Oklahoma Roger Mills Cheyenne
65%
Wyoming Laramie Cheyenne
65%
Colorado Denver Denver
65%
Texas Tarrant Fort Worth
65%
Georgia Jackson Jefferson
65%
Iowa Greene Jefferson
65%
North Carolina Ashe Jefferson
65%
Ohio Ashtabula Jefferson
65%
Texas Marion Jefferson
65%
Wisconsin Jefferson Jefferson
65%
Kansas Wyandotte Kansas City
65%
California Los Angeles Los Angeles
65%
Alabama Montgomery Montgomery
65%
Indiana Wayne Richmond
65%
Kentucky Madison Richmond
65%
Missouri Ray Richmond
65%
Texas Fort Bend Richmond
65%
Utah Salt Lake Salt Lake City
65%
Virginia Richmond Richmond
65%
North Dakota Grant Carson
63%
Illinois Cook Chicago
63%
Colorado El Paso Colorado Springs
63%
Missouri Texas Houston
63%
Texas Harris Houston
63%
Arizona Maricopa Phoenix
63%
Washington King Seattle
63%
Georgia Fulton Atlanta
61%
Michigan Montmorency Atlanta
61%
Minnesota Mower Austin
61%
Texas Travis Austin
61%
Nevada Carson City Carson City
61%
Iowa Polk Des Moines
61%
Alabama Butler Greenville
61%
Georgia Meriwether Greenville
61%
Illinois Bond Greenville
61%
Kentucky Muhlenberg Greenville
61%
Mississippi Washington Greenville
61%
Missouri Wayne Greenville
61%
North Carolina Pitt Greenville
61%
Ohio Darke Greenville
61%
South Carolina Greenville Greenville
61%
Texas Hunt Greenville
61%
Connecticut Hartford Hartford
61%
Kentucky Ohio Hartford
61%
Florida Duval Jacksonville
61%
Illinois Morgan Jacksonville
61%
North Carolina Onslow Jacksonville
61%
Indiana Starke Knox
61%
Georgia Jefferson Louisville
61%
Illinois Clay Louisville
61%
Kentucky Jefferson Louisville
61%
Mississippi Winston Louisville
61%
Missouri Scotland Memphis
61%
Tennessee Shelby Memphis
61%
Texas Hall Memphis
61%
Arkansas Howard Nashville
61%
Georgia Berrien Nashville
61%
Illinois Washington Nashville
61%
Indiana Brown Nashville
61%
North Carolina Nash Nashville
61%
Tennessee Davidson Nashville
61%
Texas Orange Orange
61%
Virginia Orange Orange
61%
Indiana Fulton Rochester
61%
Minnesota Olmsted Rochester
61%
New York Monroe Rochester
61%
Georgia Chatham Savannah
61%
Missouri Andrew Savannah
61%
Tennessee Hardin Savannah
61%
Nebraska Howard St. Paul
61%
Arizona Pima Tucson
61%
Texas Potter Amarillo
59%
Georgia White Cleveland
59%
Ohio Cuyahoga Cleveland
59%
Tennessee Bradley Cleveland
59%
Ohio Montgomery Dayton
59%
Tennessee Rhea Dayton
59%
Washington Columbia Dayton
59%
Michigan Wayne Detroit
59%
North Dakota Cass Fargo
59%
California Fresno Fresno
59%
Hawaii Honolulu Honolulu
59%
Pennsylvania Indiana Indiana
59%
Florida Monroe Key West
59%
Alabama Chambers LaFayette
59%
Georgia Walker LaFayette
59%
Indiana Tippecanoe Lafayette
59%
Louisiana Lafayette Lafayette
59%
Tennessee Macon Lafayette
59%
Texas Lubbock Lubbock
59%
Louisiana Orleans New Orleans
59%
Oklahoma Oklahoma Oklahoma City
59%
Florida Orange Orlando
59%
Mississippi Neshoba Philadelphia
59%
Pennsylvania Philadelphia Philadelphia
59%
Texas Camp Pittsburg
59%
California Sacramento Sacramento
59%
Minnesota Ramsey Saint Paul
59%
Texas Bexar San Antonio
59%
California San Bernardino San Bernardino
59%
California Santa Clara San Jose
59%
New Mexico Santa Fe Santa Fe
59%
Washington Spokane Spokane
59%
Missouri St. Louis City St. Louis
59%
Florida Gilchrist Trenton
59%
Georgia Dade Trenton
59%
Missouri Grundy Trenton
59%
Nebraska Hitchcock Trenton
59%
New Jersey Mercer Trenton
59%
North Carolina Jones Trenton
59%
Tennessee Gibson Trenton
59%
Oklahoma Tulsa Tulsa
59%
Kansas Sedgwick Wichita
59%
California Kern Bakersfield
57%
Maryland Baltimore City Baltimore
57%
Louisiana East Baton Rouge Baton Rouge
57%
Montana Yellowstone Billings
57%
Alabama Jefferson Birmingham
57%
North Dakota Burleigh Bismarck
57%
Colorado Kit Carson Burlington
57%
Iowa Des Moines Burlington
57%
Kansas Coffey Burlington
57%
Kentucky Boone Burlington
57%
Vermont Chittenden Burlington
57%
Ohio Hamilton Cincinnati
57%
Kansas Neosho Erie
57%
Pennsylvania Erie Erie
57%
Georgia Heard Franklin
57%
Indiana Johnson Franklin
57%
Kentucky Simpson Franklin
57%
Louisiana St. Mary Franklin
57%
Nebraska Franklin Franklin
57%
North Carolina Macon Franklin
57%
Pennsylvania Venango Franklin
57%
Tennessee Williamson Franklin
57%
Texas Robertson Franklin
57%
West Virginia Pendleton Franklin
57%
Montana Lewis and Clark Helena
57%
Georgia Crawford Knoxville
57%
Iowa Marion Knoxville
57%
Tennessee Knox Knoxville
57%
Georgia Oglethorpe Lexington
57%
Kentucky Fayette Lexington
57%
Mississippi Holmes Lexington
57%
Missouri Lafayette Lexington
57%
Nebraska Dawson Lexington
57%
North Carolina Davidson Lexington
57%
South Carolina Lexington Lexington
57%
Tennessee Henderson Lexington
57%
Virginia Rockbridge Lexington
57%
Virginia Lexington Lexington
57%
Georgia Bibb Macon
57%
Mississippi Noxubee Macon
57%
Missouri Macon Macon
57%
Kansas Riley Manhattan
57%
New York New York Manhattan
57%
Arkansas Jackson Newport
57%
Indiana Vermillion Newport
57%
New Hampshire Sullivan Newport
57%
Oregon Lincoln Newport
57%
Rhode Island Newport Newport
57%
Tennessee Cocke Newport
57%
Vermont Orleans Newport
57%
Washington Pend Oreille Newport
57%
California Alameda Oakland
57%
Maryland Garrett Oakland
57%
Nebraska Douglas Omaha
57%
Rhode Island Providence Providence
57%
South Carolina Dorchester Saint George
57%
Virginia Franklin Franklin
57%
Utah Washington St. George
57%
Alaska Anchorage Anchorage
55%
Alabama Limestone Athens
55%
Georgia Clarke Athens
55%
Ohio Athens Athens
55%
Tennessee McMinn Athens
55%
Texas Henderson Athens
55%
Arkansas Woodruff Augusta
55%
Georgia Richmond Augusta
55%
Maine Kennebec Augusta
55%
Colorado Boulder Boulder
55%
Montana Jefferson Boulder
55%
Michigan Eaton Charlotte
55%
North Carolina Mecklenburg Charlotte
55%
Tennessee Dickson Charlotte
55%
Texas Nueces Corpus Christi
55%
Delaware Kent Dover
55%
New Hampshire Strafford Dover
55%
Tennessee Stewart Dover
55%
Indiana Allen Fort Wayne
55%
Arkansas Poinsett Harrisburg
55%
Illinois Saline Harrisburg
55%
Nebraska Banner Harrisburg
55%
Pennsylvania Dauphin Harrisburg
55%
Alaska Juneau Juneau
55%
Wisconsin Dodge Juneau
55%
Arkansas Pulaski Little Rock
55%
Kansas Ottawa Minneapolis
55%
Minnesota Hennepin Minneapolis
55%
Alabama Mobile Mobile
55%
New Jersey Essex Newark
55%
Ohio Licking Newark
55%
New York Queens Queens
55%
California Riverside Riverside
55%
South Dakota Minnehaha Sioux Falls
55%
Kansas Hamilton Syracuse
55%
New York Onondaga Syracuse
55%
Illinois Cumberland Toledo
55%
Iowa Tama Toledo
55%
Ohio Lucas Toledo
55%
Delaware New Castle Wilmington
55%
North Carolina New Hanover Wilmington
55%
Ohio Clinton Wilmington
55%
Nebraska York York
55%
Pennsylvania York York
55%
South Carolina York York
55%
Colorado Washington Akron
53%
Ohio Summit Akron
53%
New Mexico Bernalillo Albuquerque
53%
Louisiana Rapides Alexandria
53%
Minnesota Douglas Alexandria
53%
South Dakota Hanson Alexandria
53%
Virginia Alexandria Alexandria
53%
Virginia Arlington Arlington
53%
Massachusetts Suffolk Boston
53%
Kentucky Edmonson Brownsville
53%
Tennessee Haywood Brownsville
53%
Texas Cameron Brownsville
53%
Iowa Linn Cedar Rapids
53%
New Hampshire Merrimack Concord
53%
North Carolina Cabarrus Concord
53%
Oregon Lane Eugene
53%
Alabama Fayette Fayette
53%
Mississippi Jefferson Fayette
53%
Missouri Howard Fayette
53%
Arizona Coconino Flagstaff
53%
Wisconsin Brown Green Bay
53%
Alabama Madison Huntsville
53%
Arkansas Madison Huntsville
53%
Missouri Randolph Huntsville
53%
Tennessee Scott Huntsville
53%
Texas Walker Huntsville
53%
Indiana Marion Indianapolis
53%
Kansas Douglas Lawrence
53%
Texas Ector Odessa
53%
South Dakota Hughes Pierre
53%
Utah Utah Provo
53%
California Santa Barbara Santa Barbara
53%
Louisiana Caddo Shreveport
53%
Florida Hillsborough Tampa
53%
California Mono Bridgeport
51%
Connecticut Fairfield Bridgeport
51%
Nebraska Morrill Bridgeport
51%
New York Bronx Bronx
51%
Iowa Scott Davenport
51%
Washington Lincoln Davenport
51%
Missouri Cole Jefferson City
51%
Wyoming Albany Laramie
51%
Iowa Harrison Logan
51%
Ohio Hocking Logan
51%
Utah Cache Logan
51%
West Virginia Logan Logan
51%
Montana Missoula Missoula
51%
Utah Weber Ogden
51%
Mississippi Smith Raleigh
51%
North Carolina Wake Raleigh
51%
Indiana St. Joseph South Bend
51%
Washington Pacific South Bend
51%
Kansas Shawnee Topeka
51%
Illinois Cass Virginia
51%
New York Kings Brooklyn
49%
Maryland Caroline Denton
49%
Texas Denton Denton
49%
North Carolina Durham Durham
49%
California Humboldt Eureka
49%
Illinois Woodford Eureka
49%
Kansas Greenwood Eureka
49%
Nevada Eureka Eureka
49%
Indiana Vanderburgh Evansville
49%
Arkansas Washington Fayetteville
49%
Georgia Fayette Fayetteville
49%
North Carolina Cumberland Fayetteville
49%
Tennessee Lincoln Fayetteville
49%
West Virginia Fayette Fayetteville
49%
Maryland Frederick Frederick
49%
Oklahoma Tillman Frederick
49%
Alabama Hale Greensboro
49%
Georgia Greene Greensboro
49%
North Carolina Guilford Greensboro
49%
Indiana Huntington Huntington
49%
Tennessee Carroll Huntington
49%
West Virginia Cabell Huntington
49%
Texas Webb Laredo
49%
Michigan Midland Midland
49%
Texas Midland Midland
49%
Wisconsin Milwaukee Milwaukee
49%
Washington Thurston Olympia
49%
Iowa Woodbury Sioux City
49%
Virginia Norfolk Norfolk
49%
New York Richmond Staten Island
49%
Arizona Yuma Yuma
49%
Minnesota Norman Ada
47%
Oklahoma Pontotoc Ada
47%
Iowa Cass Atlantic
47%
South Dakota Clark Clark
47%
Arkansas Van Buren Clinton
47%
Illinois De Witt Clinton
47%
Iowa Clinton Clinton
47%
Kentucky Hickman Clinton
47%
Louisiana East Feliciana Clinton
47%
Missouri Henry Clinton
47%
North Carolina Sampson Clinton
47%
Tennessee Anderson Clinton
47%
Alabama Morgan Decatur
47%
Georgia DeKalb Decatur
47%
Illinois Macon Decatur
47%
Indiana Adams Decatur
47%
Mississippi Newton Decatur
47%
Tennessee Meigs Decatur
47%
Texas Wise Decatur
47%
Minnesota St. Louis Duluth
47%
Florida Broward Fort Lauderdale
47%
Idaho Bonneville Idaho Falls
47%
Iowa Johnson Iowa City
47%
Kentucky Garrard Lancaster
47%
Missouri Schuyler Lancaster
47%
New Hampshire Coos Lancaster
47%
Ohio Fairfield Lancaster
47%
Pennsylvania Lancaster Lancaster
47%
South Carolina Lancaster Lancaster
47%
Virginia Lancaster Lancaster
47%
Wisconsin Grant Lancaster
47%
Alabama Perry Marion
47%
Arkansas Crittenden Marion
47%
Illinois Williamson Marion
47%
Indiana Grant Marion
47%
Kansas Marion Marion
47%
Kentucky Crittenden Marion
47%
North Carolina McDowell Marion
47%
Ohio Marion Marion
47%
South Carolina Marion Marion
47%
Virginia Smyth Marion
47%
Georgia Walton Monroe
47%
Louisiana Ouachita Monroe
47%
Michigan Monroe Monroe
47%
North Carolina Union Monroe
47%
Wisconsin Green Monroe
47%
Connecticut New Haven New Haven
47%
Pennsylvania Allegheny Pittsburgh
47%
Washington Pierce Tacoma
47%
Florida Leon Tallahassee
47%
Texas McLennan Waco
47%
Michigan Washtenaw Ann Arbor
45%
North Carolina Buncombe Asheville
45%
Nebraska Hamilton Aurora
45%
Oregon Deschutes Bend
45%
Illinois McLean Bloomington
45%
Indiana Monroe Bloomington
45%
Nevada Elko Elko
45%
Alaska Fairbanks North Star Fairbanks
45%
Florida Alachua Gainesville
45%
Georgia Hall Gainesville
45%
Missouri Ozark Gainesville
45%
Texas Cooke Gainesville
45%
Texas Galveston Galveston
45%
Michigan Kent Grand Rapids
45%
Minnesota Itasca Grand Rapids
45%
Nebraska Perkins Grant
45%
Iowa Delaware Manchester
45%
Kentucky Clay Manchester
45%
Tennessee Coffee Manchester
45%
Colorado Pueblo Pueblo
45%
Missouri Franklin Union
45%
South Carolina Union Union
45%
West Virginia Monroe Union
45%
Massachusetts Worcester Worcester
45%
Maryland Anne Arundel Annapolis
43%
California Placer Auburn
43%
Indiana DeKalb Auburn
43%
Maine Androscoggin Auburn
43%
Nebraska Nemaha Auburn
43%
New York Cayuga Auburn
43%
Arkansas Saline Benton
43%
Illinois Franklin Benton
43%
Kentucky Marshall Benton
43%
Louisiana Bossier Benton
43%
Missouri Scott Benton
43%
Tennessee Polk Benton
43%
Alabama Wilcox Camden
43%
Arkansas Ouachita Camden
43%
New Jersey Camden Camden
43%
North Carolina Camden Camden
43%
South Carolina Kershaw Camden
43%
Tennessee Benton Camden
43%
Illinois Randolph Chester
43%
Montana Liberty Chester
43%
South Carolina Chester Chester
43%
Colorado Larimer Fort Collins
43%
Indiana Clinton Frankfort
43%
Kentucky Franklin Frankfort
43%
North Dakota Grand Forks Grand Forks
43%
Arkansas Boone Harrison
43%
Michigan Clare Harrison
43%
Nebraska Sioux Harrison
43%
Georgia Calhoun Morgan
43%
Utah Morgan Morgan
43%
Idaho Bear Lake Paris
43%
Illinois Edgar Paris
43%
Kentucky Bourbon Paris
43%
Maine Oxford Paris
43%
Missouri Monroe Paris
43%
Tennessee Henry Paris
43%
Texas Lamar Paris
43%
Alabama Coosa Rockford
43%
Illinois Winnebago Rockford
43%
Georgia Floyd Rome
43%
New Mexico Chaves Roswell
43%
Colorado Costilla San Luis
43%
Pennsylvania Lackawanna Scranton
43%
California San Joaquin Stockton
43%
Kansas Rooks Stockton
43%
Missouri Cedar Stockton
43%
Minnesota Nicollet St. Peter
43%
Kansas Dickinson Abilene
41%
Texas Taylor Abilene
41%
Florida Liberty Bristol
41%
Rhode Island Bristol Bristol
41%
Virginia Bristol Bristol
41%
Montana Silver Bow Butte
41%
Nebraska Boyd Butte
41%
Wyoming Natrona Casper
41%
Georgia Newton Covington
41%
Indiana Fountain Covington
41%
Louisiana St. Tammany Covington
41%
Tennessee Tipton Covington
41%
Virginia Alleghany Covington
41%
Maine Franklin Farmington
41%
Missouri St. Francois Farmington
41%
Utah Davis Farmington
41%
Michigan Genesee Flint
41%
Colorado Mesa Grand Junction
41%
Alabama Marion Hamilton
41%
Georgia Harris Hamilton
41%
Montana Ravalli Hamilton
41%
Ohio Butler Hamilton
41%
Texas Hamilton Hamilton
41%
Wisconsin Kenosha Kenosha
41%
Vermont Washington Montpelier
41%
Georgia Baker Newton
41%
Illinois Jasper Newton
41%
Iowa Jasper Newton
41%
Kansas Harvey Newton
41%
New Jersey Sussex Newton
41%
North Carolina Catawba Newton
41%
Texas Newton Newton
41%
Oklahoma Cleveland Norman
41%
Illinois Peoria Peoria
41%
Indiana Marshall Plymouth
41%
North Carolina Washington Plymouth
41%
California Shasta Redding
41%
California San Luis Obispo San Luis Obispo
41%
California Orange Santa Ana
41%
California Santa Cruz Santa Cruz
41%
Virginia Covington Covington
41%
Virginia Virginia Beach Virginia Beach
41%
Texas Smith Tyler
41%
Washington Clark Vancouver
41%
Arkansas Bradley Warren
41%
Minnesota Marshall Warren
41%
Ohio Trumbull Warren
41%
Pennsylvania Warren Warren
41%
Ohio Mahoning Youngstown
41%
Pennsylvania Lehigh Allentown
39%
Maine Penobscot Bangor
39%
Tennessee Hamilton Chattanooga
39%
Kansas Ford Dodge City
39%
Iowa Dubuque Dubuque
39%
Colorado Eagle Eagle
39%
New Jersey Union Elizabeth
39%
West Virginia Wirt Elizabeth
39%
Montana Cascade Great Falls
39%
Hawaii Hawaii Hilo
39%
Arkansas Searcy Marshall
39%
Illinois Clark Marshall
39%
Michigan Calhoun Marshall
39%
Minnesota Lyon Marshall
39%
Missouri Saline Marshall
39%
North Carolina Madison Marshall
39%
Texas Harrison Marshall
39%
Oklahoma Grant Medford
39%
Oregon Jackson Medford
39%
Wisconsin Taylor Medford
39%
California Stanislaus Modesto
39%
Georgia Montgomery Mount Vernon
39%
Illinois Jefferson Mount Vernon
39%
Indiana Posey Mount Vernon
39%
Kentucky Rockcastle Mount Vernon
39%
Missouri Lawrence Mount Vernon
39%
Ohio Knox Mount Vernon
39%
Texas Franklin Mount Vernon
39%
Washington Skagit Mount Vernon
39%
Wisconsin Racine Racine
39%
Kansas Saline Salina
39%
Virginia Newport News Newport News
39%
Virginia Roanoke Roanoke
39%
Virginia Suffolk Suffolk
39%
Washington Walla Walla Walla Walla
39%
Texas Wichita Wichita Falls
39%
Indiana Madison Anderson
37%
South Carolina Anderson Anderson
37%
Texas Grimes Anderson
37%
Indiana Lawrence Bedford
37%
Iowa Taylor Bedford
37%
Kentucky Trimble Bedford
37%
Pennsylvania Bedford Bedford
37%
Virginia Bedford Bedford
37%
Arkansas Johnson Clarksville
37%
Tennessee Montgomery Clarksville
37%
Texas Red River Clarksville
37%
West Virginia Clay Clay
37%
Idaho Kootenai Coeur d'Alene
37%
Wisconsin Eau Claire Eau Claire
37%
Colorado Weld Greeley
37%
Nebraska Greeley Greeley
37%
Arkansas Calhoun Hampton
37%
Iowa Franklin Hampton
37%
South Carolina Hampton Hampton
37%
Georgia Clayton Jonesboro
37%
Illinois Union Jonesboro
37%
Louisiana Jackson Jonesboro
37%
Michigan Kalamazoo Kalamazoo
37%
New Mexico Doña Ana Las Cruces
37%
Idaho Nez Perce Lewiston
37%
Illinois Fulton Lewiston
37%
Kentucky Butler Morgantown
37%
West Virginia Monongalia Morgantown
37%
Florida Escambia Pensacola
37%
California Plumas Quincy
37%
Florida Gadsden Quincy
37%
Illinois Adams Quincy
37%
South Dakota Pennington Rapid City
37%
Florida Sarasota Sarasota
37%
Virginia Chesapeake Chesapeake
37%
Virginia Hampton Hampton
37%
Missouri St. Charles St. Charles
37%
Arkansas Miller Texarkana
37%
Alabama Tuscaloosa Tuscaloosa
37%
California Ventura Ventura
37%
Illinois Monroe Waterloo
37%
Iowa Black Hawk Waterloo
37%
New York Seneca Waterloo
37%
Washington Yakima Yakima
37%
Wisconsin Outagamie Appleton
35%
Texas Jefferson Beaumont
35%
Montana Gallatin Bozeman
35%
Georgia Grady Cairo
35%
Illinois Alexander Cairo
35%
Georgia Cherokee Canton
35%
Mississippi Madison Canton
35%
New York St. Lawrence Canton
35%
Ohio Stark Canton
35%
South Dakota Lincoln Canton
35%
Texas Van Zandt Canton
35%
Virginia Albemarle Charlottesville
35%
Georgia Coffee Douglas
35%
Wyoming Converse Douglas
35%
California Solano Fairfield
35%
Idaho Camas Fairfield
35%
Illinois Wayne Fairfield
35%
Iowa Jefferson Fairfield
35%
Texas Freestone Fairfield
35%
Florida Lee Fort Myers
35%
Nebraska Dodge Fremont
35%
Ohio Sandusky Fremont
35%
Colorado Clear Creek Georgetown
35%
Delaware Sussex Georgetown
35%
Georgia Quitman Georgetown
35%
Kentucky Scott Georgetown
35%
Ohio Brown Georgetown
35%
South Carolina Georgetown Georgetown
35%
Texas Williamson Georgetown
35%
Nebraska Hall Grand Island
35%
Kentucky Henderson Henderson
35%
North Carolina Vance Henderson
35%
Tennessee Chester Henderson
35%
Texas Rusk Henderson
35%
Alabama Walker Jasper
35%
Arkansas Newton Jasper
35%
Florida Hamilton Jasper
35%
Georgia Pickens Jasper
35%
Indiana Dubois Jasper
35%
Tennessee Marion Jasper
35%
Texas Jasper Jasper
35%
Illinois Will Joliet
35%
Indiana Union Liberty
35%
Kentucky Casey Liberty
35%
Mississippi Amite Liberty
35%
Missouri Clay Liberty
35%
Texas Liberty Liberty
35%
Michigan Marquette Marquette
35%
South Dakota Bennett Martin
35%
California Napa Napa
35%
Indiana Henry New Castle
35%
Kentucky Henry New Castle
35%
Pennsylvania Lawrence New Castle
35%
Virginia Craig New Castle
35%
Wyoming Weston Newcastle
35%
Pennsylvania Berks Reading
35%
West Virginia Pleasants Saint Marys
35%
California Sonoma Santa Rosa
35%
New Mexico Guadalupe Santa Rosa
35%
Arkansas Grant Sheridan
35%
Wyoming Sheridan Sheridan
35%
Virginia Charlottesville Charlottesville
35%
Texas Uvalde Uvalde
35%
Florida Palm Beach West Palm Beach
35%
Colorado Pitkin Aspen
33%
Kentucky Warren Bowling Green
33%
Missouri Pike Bowling Green
33%
Ohio Wood Bowling Green
33%
Virginia Caroline Bowling Green
33%
Alabama Barbour Clayton
33%
Georgia Rabun Clayton
33%
Missouri St. Louis Clayton
33%
New Mexico Union Clayton
33%
Florida Pinellas Clearwater
33%
Illinois Vermilion Danville
33%
Indiana Hendricks Danville
33%
Kentucky Boyle Danville
33%
Pennsylvania Montour Danville
33%
Virginia Fairfax Fairfax
33%
Alabama Lauderdale Florence
33%
Arizona Pinal Florence
33%
South Carolina Florence Florence
33%
Wisconsin Florence Florence
33%
Texas Gillespie Fredericksburg
33%
Mississippi Forrest Hattiesburg
33%
California Inyo Independence
33%
Iowa Buchanan Independence
33%
Kansas Montgomery Independence
33%
Virginia Grayson Independence
33%
Kentucky Russell Jamestown
33%
North Dakota Stutsman Jamestown
33%
Tennessee Fentress Jamestown
33%
New Jersey Hudson Jersey City
33%
Louisiana Calcasieu Lake Charles
33%
Colorado Prowers Lamar
33%
Missouri Barton Lamar
33%
Oklahoma Comanche Lawton
33%
Michigan Ingham Mason
33%
Texas Mason Mason
33%
Texas Collin McKinney
33%
Virginia Highland Monterey
33%
Nebraska Garden Oshkosh
33%
Wisconsin Winnebago Oshkosh
33%
New Jersey Passaic Paterson
33%
Ohio Scioto Portsmouth
33%
Texas Edwards Rocksprings
33%
Michigan Saginaw Saginaw
33%
Louisiana Tensas Saint Joseph
33%
Texas Grayson Sherman
33%
Virginia Danville Danville
33%
Virginia Fairfax Fairfax
33%
Virginia Fredericksburg Fredericksburg
33%
Virginia Portsmouth Portsmouth
33%
Michigan Berrien St. Joseph
33%
Missouri Buchanan St. Joseph
33%
Indiana Vigo Terre Haute
33%
New York Oneida Utica
33%
Nebraska Wayne Wayne
33%
West Virginia Wayne Wayne
33%
Alabama Clay Ashland
31%
Kansas Clark Ashland
31%
Mississippi Benton Ashland
31%
Ohio Ashland Ashland
31%
Wisconsin Ashland Ashland
31%
Alabama Choctaw Butler
31%
Georgia Taylor Butler
31%
Missouri Bates Butler
31%
Pennsylvania Butler Butler
31%
Illinois Henry Cambridge
31%
Maryland Dorchester Cambridge
31%
Minnesota Isanti Cambridge
31%
Ohio Guernsey Cambridge
31%
Iowa Carroll Carroll
31%
Alabama Pickens Carrollton
31%
Georgia Carroll Carrollton
31%
Illinois Greene Carrollton
31%
Kentucky Carroll Carrollton
31%
Missouri Carroll Carrollton
31%
Ohio Carroll Carrollton
31%
Illinois Montgomery Hillsboro
31%
Missouri Jefferson Hillsboro
31%
North Dakota Traill Hillsboro
31%
Ohio Highland Hillsboro
31%
Oregon Washington Hillsboro
31%
Texas Hill Hillsboro
31%
Michigan Gratiot Ithaca
31%
New York Tompkins Ithaca
31%
Kansas Rush La Crosse
31%
Wisconsin La Crosse La Crosse
31%
Tennessee Moore Lynchburg
31%
California Merced Merced
31%
Mississippi Lauderdale Meridian
31%
Texas Bosque Meridian
31%
North Dakota Ward Minot
31%
Massachusetts Nantucket Nantucket
31%
Connecticut New London New London
31%
Missouri Ralls New London
31%
Illinois LaSalle Ottawa
31%
Kansas Franklin Ottawa
31%
Ohio Putnam Ottawa
31%
Kentucky Daviess Owensboro
31%
California Monterey Salinas
31%
Texas Tom Green San Angelo
31%
Michigan Sanilac Sandusky
31%
Ohio Erie Sandusky
31%
Wisconsin Sheboygan Sheboygan
31%
Virginia Lynchburg Lynchburg
31%
Virginia Williamsburg Williamsburg
31%
Virginia Winchester Winchester
31%
Georgia Hancock Sparta
31%
North Carolina Alleghany Sparta
31%
Tennessee White Sparta
31%
Wisconsin Monroe Sparta
31%
Florida St. Johns St. Augustine
31%
Alabama Pike Troy
31%
Kansas Doniphan Troy
31%
Missouri Lincoln Troy
31%
New York Rensselaer Troy
31%
North Carolina Montgomery Troy
31%
Ohio Miami Troy
31%
Kentucky Whitley Williamsburg
31%
Virginia James City Williamsburg
31%
Illinois Scott Winchester
31%
Indiana Randolph Winchester
31%
Kentucky Clark Winchester
31%
Tennessee Franklin Winchester
31%
Virginia Frederick Winchester
31%
Oklahoma Beaver Beaver
29%
Pennsylvania Beaver Beaver
29%
Utah Beaver Beaver
29%
Arkansas Benton Bentonville
29%
Colorado Summit Breckenridge
29%
Minnesota Wilkin Breckenridge
29%
Texas Stephens Breckenridge
29%
Nevada White Pine Ely
29%
Mississippi Itawamba Fulton
29%
Missouri Callaway Fulton
29%
Wyoming Campbell Gillette
29%
Arkansas Garland Hot Springs
29%
South Dakota Fall River Hot Springs
29%
Kentucky Estill Irvine
29%
Kansas Stanton Johnson City
29%
Texas Blanco Johnson City
29%
Idaho Latah Moscow
29%
Texas Comal New Braunfels
29%
Mississippi Lafayette Oxford
29%
North Carolina Granville Oxford
29%
Florida Taylor Perry
29%
Georgia Houston Perry
29%
Oklahoma Noble Perry
29%
New York Schenectady Schenectady
29%
Mississippi Lee Tupelo
29%
Idaho Twin Falls Twin Falls
29%
Illinois Champaign Urbana
29%
Ohio Champaign Urbana
29%
Alaska North Slope Utqiagvik
29%
Texas Victoria Victoria
29%
West Virginia Ohio Wheeling
29%
Mississippi Monroe Aberdeen
27%
South Dakota Brown Aberdeen
27%
Georgia Wheeler Alamo
27%
Tennessee Crockett Alamo
27%
Oregon Clatsop Astoria
27%
Georgia Glynn Brunswick
27%
Ohio Williams Bryan
27%
Texas Brazos Bryan
27%
New Mexico Eddy Carlsbad
27%
Iowa Cherokee Cherokee
27%
Oklahoma Alfalfa Cherokee
27%
Wyoming Park Cody
27%
Arkansas Faulkner Conway
27%
South Carolina Horry Conway
27%
Alabama Houston Dothan
27%
Kansas Morton Elkhart
27%
Oklahoma Garfield Enid
27%
New Mexico Cibola Grants
27%
Wisconsin Rock Janesville
27%
Georgia Lanier Lakeland
27%
Indiana Boone Lebanon
27%
Kentucky Marion Lebanon
27%
Missouri Laclede Lebanon
27%
Ohio Warren Lebanon
27%
Pennsylvania Lebanon Lebanon
27%
Tennessee Wilson Lebanon
27%
Virginia Russell Lebanon
27%
Ohio Allen Lima
27%
Kentucky Laurel London
27%
Ohio Madison London
27%
Arkansas Izard Melbourne
27%
Utah Grand Moab
27%
Indiana Delaware Muncie
27%
Massachusetts Hampshire Northampton
27%
Kansas Johnson Olathe
27%
Illinois Ogle Oregon
27%
Missouri Holt Oregon
27%
Florida Bay Panama City
27%
Idaho Bannock Pocatello
27%
Illinois Rock Island Rock Island
27%
Indiana Spencer Rockport
27%
Missouri Atchison Rock Port
27%
Texas Aransas Rockport
27%
Michigan Chippewa Sault Ste. Marie
27%
New Mexico Taos Taos
27%
Michigan Grand Traverse Traverse City
27%
Georgia Lowndes Valdosta
27%
New York Jefferson Watertown
27%
South Dakota Codington Watertown
27%
Pennsylvania Luzerne Wilkes-Barre
27%
Washington Whatcom Bellingham
24%
Iowa Boone Boone
24%
North Carolina Watauga Boone
24%
South Carolina Chesterfield Chesterfield
24%
Virginia Chesterfield Chesterfield
24%
Colorado La Plata Durango
24%
Texas Hidalgo Edinburg
24%
Illinois Effingham Effingham
24%
Washington Snohomish Everett
24%
Kansas Finney Garden City
24%
Texas Glasscock Garden City
24%
Colorado Gunnison Gunnison
24%
Georgia Twiggs Jeffersonville
24%
Indiana Clark Jeffersonville
24%
Montana Flathead Kalispell
24%
Florida Osceola Kissimmee
24%
Oregon Klamath Klamath Falls
24%
Indiana Howard Kokomo
24%
Texas Gregg Longview
24%
New Mexico Los Alamos Los Alamos
24%
Kentucky Hopkins Madisonville
24%
Tennessee Monroe Madisonville
24%
Texas Madison Madisonville
24%
Kentucky McCracken Paducah
24%
Texas Cottle Paducah
24%
Arizona La Paz Parker
24%
South Dakota Turner Parker
24%
Nebraska Pierce Pierce
24%
Arizona Yavapai Prescott
24%
Arkansas Nevada Prescott
24%
Illinois Bureau Princeton
24%
Indiana Gibson Princeton
24%
Kentucky Caldwell Princeton
24%
Missouri Mercer Princeton
24%
West Virginia Mercer Princeton
24%
Texas Rockwall Rockwall
24%
Texas Hays San Marcos
24%
Iowa Fremont Sidney
24%
Montana Richland Sidney
24%
Nebraska Cheyenne Sidney
24%
Ohio Shelby Sidney
24%
Alaska Sitka Sitka
24%
South Carolina Spartanburg Spartanburg
24%
Colorado Routt Steamboat Springs
24%
Tennessee Obion Union City
24%
Indiana Kosciusko Warsaw
24%
Kentucky Gallatin Warsaw
24%
Missouri Benton Warsaw
24%
New York Wyoming Warsaw
24%
Virginia Richmond Warsaw
24%
Nevada Humboldt Winnemucca
24%
Texas Brewster Alpine
22%
Michigan Bay Bay City
22%
Texas Matagorda Bay City
22%
New York Broome Binghamton
22%
Colorado Broomfield Broomfield
22%
Texas Randall Canyon
22%
Texas Val Verde Del Rio
22%
North Dakota Stark Dickinson
22%
Wisconsin Fond du Lac Fond du Lac
22%
Pennsylvania Adams Gettysburg
22%
South Dakota Potter Gettysburg
22%
Wyoming Sweetwater Green River
22%
Louisiana Catahoula Harrisonburg
22%
Virginia Rockingham Harrisonburg
22%
Kansas Ellis Hays
22%
Texas Waller Hempstead
22%
Pennsylvania Huntingdon Huntingdon
22%
Illinois Kankakee Kankakee
22%
Alaska Ketchikan Gateway Ketchikan
22%
Georgia Troup LaGrange
22%
Indiana LaGrange LaGrange
22%
Kentucky Oldham La Grange
22%
Texas Fayette La Grange
22%
Kansas Leavenworth Leavenworth
22%
South Dakota Davison Mitchell
22%
Arkansas Drew Monticello
22%
Florida Jefferson Monticello
22%
Georgia Jasper Monticello
22%
Illinois Piatt Monticello
22%
Indiana White Monticello
22%
Kentucky Wayne Monticello
22%
Mississippi Lawrence Monticello
22%
Missouri Lewis Monticello
22%
New York Sullivan Monticello
22%
Utah San Juan Monticello
22%
Colorado Montrose Montrose
22%
Pennsylvania Susquehanna Montrose
22%
Illinois Grundy Morris
22%
Minnesota Stevens Morris
22%
Arkansas Pike Murfreesboro
22%
Tennessee Rutherford Murfreesboro
22%
Iowa Story Nevada
22%
Missouri Vernon Nevada
22%
Indiana Floyd New Albany
22%
Mississippi Union New Albany
22%
Nebraska Lincoln North Platte
22%
Illinois Livingston Pontiac
22%
Michigan Oakland Pontiac
22%
Montana Toole Shelby
22%
North Carolina Cleveland Shelby
22%
Virginia Harrisonburg Harrisonburg
22%
Kentucky Pulaski Somerset
22%
Pennsylvania Somerset Somerset
22%
Minnesota Stearns St. Cloud
22%
Minnesota Washington Stillwater
22%
Oklahoma Payne Stillwater
22%
South Carolina Sumter Sumter
22%
Nebraska Loup Taylor
22%
Oregon Malheur Vale
22%
Alabama Lamar Vernon
22%
Indiana Jennings Vernon
22%
Texas Wilbarger Vernon
22%
California Tulare Visalia
22%
Illinois Lake Waukegan
22%
Wisconsin Marathon Wausau
22%
Texas Andrews Andrews
20%
Massachusetts Barnstable Barnstable
20%
Illinois St. Clair Belleville
20%
Kansas Republic Belleville
20%
Florida Manatee Bradenton
20%
Colorado Douglas Castle Rock
20%
Oregon Benton Corvallis
20%
Colorado Moffat Craig
20%
North Carolina Stokes Danbury
20%
Colorado Delta Delta
20%
Georgia Laurens Dublin
20%
Texas Maverick Eagle Pass
20%
Illinois Hardin Elizabethtown
20%
Kentucky Hardin Elizabethtown
20%
New York Essex Elizabethtown
20%
North Carolina Bladen Elizabethtown
20%
Wyoming Uinta Evanston
20%
Colorado Jefferson Golden
20%
Indiana Decatur Greensburg
20%
Kansas Kiowa Greensburg
20%
Kentucky Green Greensburg
20%
Louisiana St. Helena Greensburg
20%
Pennsylvania Westmoreland Greensburg
20%
Illinois Calhoun Hardin
20%
Montana Big Horn Hardin
20%
Arkansas Hempstead Hope
20%
Nebraska Buffalo Kearney
20%
Missouri Caldwell Kingston
20%
New York Ulster Kingston
20%
Tennessee Roane Kingston
20%
Alaska Kodiak Island Kodiak
20%
Alabama Sumter Livingston
20%
Louisiana Livingston Livingston
20%
Montana Park Livingston
20%
Tennessee Overton Livingston
20%
Texas Polk Livingston
20%
Illinois McDonough Macomb
20%
Virginia Prince William Manassas
20%
Louisiana De Soto Mansfield
20%
Ohio Richland Mansfield
20%
Indiana Morgan Martinsville
20%
Virginia Henry Martinsville
20%
Connecticut Middlesex Middletown
20%
Iowa Henry Mount Pleasant
20%
Michigan Isabella Mount Pleasant
20%
Texas Titus Mount Pleasant
20%
Kansas Norton Norton
20%
Florida Marion Ocala
20%
Texas Anderson Palestine
20%
West Virginia Wood Parkersburg
20%
Alaska Petersburg Petersburg
20%
Illinois Menard Petersburg
20%
Indiana Pike Petersburg
20%
West Virginia Grant Petersburg
20%
Arkansas Jefferson Pine Bluff
20%
Virginia Manassas Manassas
20%
Virginia Martinsville Martinsville
20%
Virginia Norton Norton
20%
Virginia Petersburg Petersburg
20%
Indiana Owen Spencer
20%
Iowa Clay Spencer
20%
Tennessee Van Buren Spencer
20%
West Virginia Roane Spencer
20%
Colorado Logan Sterling
20%
Kansas Stafford St. John
20%
Arizona Apache St. Johns
20%
Michigan Clinton St. Johns
20%
Montana Mineral Superior
20%
Wisconsin Douglas Superior
20%
South Dakota Clay Vermillion
20%
Wisconsin Waukesha Waukesha
20%
Pennsylvania Chester West Chester
20%
New York Westchester White Plains
20%
North Dakota Williams Williston
20%
California Sutter Yuba City
20%
New Mexico Otero Alamogordo
18%
Texas Howard Big Spring
18%
South Dakota Brookings Brookings
18%
Georgia Marion Buena Vista
18%
Michigan Tuscola Caro
18%
New Mexico Curry Clovis
18%
Texas Delta Cooper
18%
Idaho Adams Council
18%
California Del Norte Crescent City
18%
Montana Beaverhead Dillon
18%
South Carolina Dillon Dillon
18%
California Imperial El Centro
18%
Iowa Hardin Eldora
18%
Arkansas Union El Dorado
18%
Kansas Butler El Dorado
18%
Texas Schleicher Eldorado
18%
New York Chemung Elmira
18%
Kentucky Barren Glasgow
18%
Montana Valley Glasgow
18%
Iowa Mills Glenwood
18%
Minnesota Pope Glenwood
18%
Virginia Gloucester Gloucester
18%
Texas Gonzales Gonzales
18%
North Carolina Alamance Graham
18%
Texas Young Graham
18%
Georgia Jones Gray
18%
Missouri Cass Harrisonville
18%
Kentucky Christian Hopkinsville
18%
New York Columbia Hudson
18%
Wisconsin St. Croix Hudson
18%
South Dakota Beadle Huron
18%
Nebraska Chase Imperial
18%
Texas Kaufman Kaufman
18%
Arizona Mohave Kingman
18%
Kansas Kingman Kingman
18%
Colorado Hinsdale Lake City
18%
Florida Columbia Lake City
18%
Michigan Missaukee Lake City
18%
Wyoming Fremont Lander
18%
Georgia Lee Leesburg
18%
Virginia Loudoun Leesburg
18%
Hawaii Kauai Lihue
18%
California Yuba Marysville
18%
Kansas Marshall Marysville
18%
Missouri Nodaway Marysville
18%
Ohio Union Marysville
18%
Georgia Jenkins Millen
18%
Illinois Warren Monmouth
18%
Oklahoma Muskogee Muskogee
18%
New Jersey Middlesex New Brunswick
18%
Indiana Hamilton Noblesville
18%
Washington Franklin Pasco
18%
Texas Reeves Pecos
18%
Illinois Pike Pittsfield
18%
Massachusetts Berkshire Pittsfield
18%
New York Dutchess Poughkeepsie
18%
Utah Carbon Price
18%
Connecticut Tolland Rockville
18%
Indiana Parke Rockville
18%
Maryland Montgomery Rockville
18%
Virginia Buena Vista Buena Vista
18%
Indiana Tipton Tipton
18%
Iowa Cedar Tipton
18%
Montana Madison Virginia City
18%
Nevada Storey Virginia City
18%
Kansas Pottawatomie Westmoreland
18%
West Virginia Mingo Williamson
18%
Idaho Canyon Caldwell
16%
Ohio Noble Caldwell
16%
Texas Burleson Caldwell
16%
Nebraska Knox Center
16%
North Dakota Oliver Center
16%
Texas Shelby Center
16%
Texas Montgomery Conroe
16%
Maryland Allegany Cumberland
16%
Virginia Cumberland Cumberland
16%
Georgia Whitfield Dalton
16%
Ohio Delaware Delaware
16%
Kansas Lyon Emporia
16%
Virginia Greensville Emporia
16%
Texas Pecos Fort Stockton
16%
New Mexico McKinley Gallup
16%
Colorado Garfield Glenwood Springs
16%
Oregon Josephine Grants Pass
16%
Maryland Washington Hagerstown
16%
Texas Deaf Smith Hereford
16%
Michigan Houghton Houghton
16%
Minnesota Koochiching International Falls
16%
New York Fulton Johnstown
16%
Texas Kerr Kerrville
16%
South Carolina Laurens Laurens
16%
Georgia Cobb Marietta
16%
Ohio Washington Marietta
16%
Oklahoma Love Marietta
16%
Wisconsin Marinette Marinette
16%
Iowa Marshall Marshalltown
16%
Ohio Medina Medina
16%
Texas Loving Mentone
16%
Mississippi Adams Natchez
16%
Florida Okeechobee Okeechobee
16%
Oregon Clackamas Oregon City
16%
Texas Hale Plainview
16%
Missouri Clinton Plattsburg
16%
Washington Clallam Port Angeles
16%
New Mexico Colfax Raton
16%
Wyoming Carbon Rawlins
16%
Missouri Phelps Rolla
16%
North Dakota Rolette Rolla
16%
Maryland Wicomico Salisbury
16%
North Carolina Rowan Salisbury
16%
Texas Gaines Seminole
16%
Kansas Nemaha Seneca
16%
Nebraska Seward Seward
16%
Illinois Shelby Shelbyville
16%
Indiana Shelby Shelbyville
16%
Kentucky Shelby Shelbyville
16%
Missouri Shelby Shelbyville
16%
Tennessee Bedford Shelbyville
16%
Virginia Emporia Emporia
16%
Virginia Waynesboro Waynesboro
16%
Missouri Ste. Genevieve Ste. Genevieve
16%
Illinois Moultrie Sullivan
16%
Indiana Sullivan Sullivan
16%
California Lassen Susanville
16%
Colorado San Miguel Telluride
16%
Utah Tooele Tooele
16%
Nebraska Cherry Valentine
16%
Indiana Porter Valparaiso
16%
Arkansas Crawford Van Buren
16%
Missouri Carter Van Buren
16%
Texas Culberson Van Horn
16%
Texas Ellis Waxahachie
16%
Georgia Burke Waynesboro
16%
Mississippi Wayne Waynesboro
16%
Tennessee Wayne Waynesboro
16%
Maryland Carroll Westminster
16%
Indiana Warren Williamsport
16%
Pennsylvania Lycoming Williamsport
16%
North Carolina Bertie Windsor
16%
South Dakota Yankton Yankton
16%
Missouri Oregon Alton
14%
Oregon Baker Baker City
14%
Louisiana Morehouse Bastrop
14%
Texas Bastrop Bastrop
14%
Nevada Lander Battle Mountain
14%
West Virginia Raleigh Beckley
14%
Kansas Mitchell Beloit
14%
Nebraska Washington Blair
14%
Oklahoma Cimarron Boise City
14%
Texas Brown Brownwood
14%
Georgia Gordon Calhoun
14%
Kentucky McLean Calhoun
14%
Texas Hemphill Canadian
14%
New York Putnam Carmel Hamlet
14%
Iowa Appanoose Centerville
14%
Missouri Reynolds Centerville
14%
Tennessee Hickman Centerville
14%
Texas Leon Centerville
14%
Colorado Gilpin Central City
14%
Nebraska Merrick Central City
14%
Texas Childress Childress
14%
Missouri Livingston Chillicothe
14%
Ohio Ross Chillicothe
14%
Mississippi Covington Collins
14%
Texas Comanche Comanche
14%
Colorado Montezuma Cortez
14%
Iowa Pottawattamie Council Bluffs
14%
Texas Houston Crockett
14%
South Dakota Custer Custer
14%
Georgia Terrell Dawson
14%
Mississippi Kemper De Kalb
14%
Texas Eastland Eastland
14%
Illinois Madison Edwardsville
14%
Nevada Churchill Fallon
14%
Ohio Hancock Findlay
14%
Indiana Hancock Greenfield
14%
Iowa Adair Greenfield
14%
Massachusetts Franklin Greenfield
14%
Missouri Dade Greenfield
14%
Mississippi Leflore Greenwood
14%
South Carolina Greenwood Greenwood
14%
Oklahoma Texas Guymon
14%
Georgia Banks Homer
14%
Louisiana Claiborne Homer
14%
Oregon Hood River Hood River
14%
Louisiana Terrebonne Houma
14%
Oklahoma Delaware Jay
14%
Texas Kimble Junction
14%
Utah Piute Junction
14%
Nebraska Kimball Kimball
14%
Indiana LaPorte LaPorte
14%
Pennsylvania Sullivan Laporte
14%
Colorado Bent Las Animas
14%
Indiana Cass Logansport
14%
Texas Angelina Lufkin
14%
Texas Presidio Marfa
14%
Iowa Cerro Gordo Mason City
14%
Michigan Menominee Menominee
14%
Pennsylvania Mercer Mercer
14%
Illinois Massac Metropolis
14%
Missouri Audrain Mexico
14%
Missouri Sullivan Milan
14%
South Dakota Hand Miller
14%
New Jersey Morris Morristown
14%
Tennessee Hamblen Morristown
14%
Texas Cochran Morton
14%
Iowa Muscatine Muscatine
14%
Michigan Muskegon Muskegon
14%
Texas Nacogdoches Nacogdoches
14%
Missouri New Madrid New Madrid
14%
Alaska Aleutians West None
14%
Alaska Bethel None
14%
Alaska Chugach None
14%
Alaska Copper River None
14%
Alaska Dillingham None
14%
Alaska Hoonah-Angoon None
14%
Alaska Kusilvak None
14%
Alaska Nome None
14%
Alaska Prince of Wales-Hyder None
14%
Alaska Southeast Fairbanks None
14%
Alaska Yukon-Koyukuk None
14%
Hawaii Kalawao None
14%
South Dakota Oglala Lakota None
14%
South Dakota Todd None
14%
Ohio Huron Norwalk
14%
New York Chenango Norwich
14%
South Carolina Orangeburg Orangeburg
14%
Iowa Clarke Osceola
14%
Missouri St. Clair Osceola
14%
Nebraska Polk Osceola
14%
Alabama Dale Ozark
14%
Missouri Christian Ozark
14%
Texas Gray Pampa
14%
Oregon Umatilla Pendleton
14%
Arkansas Perry Perryville
14%
Missouri Perry Perryville
14%
Indiana Miami Peru
14%
Wisconsin Columbia Portage
14%
Michigan St. Clair Port Huron
14%
Virginia Prince George Prince George
14%
Tennessee Giles Pulaski
14%
Virginia Pulaski Pulaski
14%
Idaho Madison Rexburg
14%
Florida Seminole Sanford
14%
North Carolina Lee Sanford
14%
Texas Guadalupe Seguin
14%
Oklahoma Pottawatomie Shawnee
14%
Virginia Colonial Heights Colonial Heights
14%
Virginia Staunton Staunton
14%
Georgia Bulloch Statesboro
14%
Virginia Augusta Staunton
14%
Virginia Sussex Sussex
14%
Texas Nolan Sweetwater
14%
Alabama Talladega Talladega
14%
Colorado Las Animas Trinidad
14%
Utah Uintah Vernal
14%
Mississippi Warren Vicksburg
14%
Indiana Knox Vincennes
14%
Illinois McHenry Woodstock
14%
Vermont Windsor Woodstock
14%
Virginia Shenandoah Woodstock
14%
Mississippi Yazoo Yazoo City
14%
California Siskiyou Yreka
14%
Ohio Muskingum Zanesville
14%
Texas Zapata Zapata
14%
Alabama Henry Abbeville
12%
Georgia Wilcox Abbeville
12%
Louisiana Vermilion Abbeville
12%
South Carolina Abbeville Abbeville
12%
South Carolina Aiken Aiken
12%
Colorado Alamosa Alamosa
12%
Texas Jim Wells Alice
12%
Michigan Alpena Alpena
12%
Virginia Amherst Amherst
12%
Montana Deer Lodge Anaconda
12%
Indiana Steuben Angola
12%
Virginia Appomattox Appomattox
12%
Texas Bandera Bandera
12%
Maine Sagadahoc Bath
12%
New York Steuben Bath
12%
North Carolina Carteret Beaufort
12%
South Carolina Beaufort Beaufort
12%
Texas Bee Beeville
12%
Missouri Harrison Bethany
12%
Minnesota Faribault Blue Earth
12%
Mississippi Rankin Brandon
12%
Indiana Clay Brazil
12%
Colorado Adams Brighton
12%
Virginia Buckingham Buckingham
12%
South Dakota Gregory Burke
12%
Oregon Harney Burns
12%
Louisiana Cameron Cameron
12%
Texas Milam Cameron
12%
Illinois Hancock Carthage
12%
Mississippi Leake Carthage
12%
Missouri Jasper Carthage
12%
North Carolina Moore Carthage
12%
Tennessee Smith Carthage
12%
Texas Panola Carthage
12%
Michigan Cheboygan Cheboygan
12%
Louisiana Grant Colfax
12%
Washington Whitman Colfax
12%
Indiana Whitley Columbia City
12%
North Dakota Divide Crosby
12%
Texas Dallam Dalhart
12%
South Carolina Darlington Darlington
12%
Wisconsin Lafayette Darlington
12%
Maryland Talbot Easton
12%
Pennsylvania Northampton Easton
12%
Texas Rains Emory
12%
Utah Millard Fillmore
12%
Virginia Floyd Floyd
12%
Mississippi Scott Forest
12%
Illinois Stephenson Freeport
12%
Missouri Daviess Gallatin
12%
Tennessee Sumner Gallatin
12%
Alaska Haines Haines
12%
Virginia Hanover Hanover
12%
Virginia Hopewell Hopewell
12%
Kansas Reno Hutchinson
12%
Michigan Dickinson Iron Mountain
12%
Ohio Hardin Kenton
12%
Texas Kleberg Kingsville
12%
Missouri Adair Kirksville
12%
Texas Lampasas Lampasas
12%
Virginia Henrico Laurel
12%
Montana Fergus Lewistown
12%
Pennsylvania Mifflin Lewistown
12%
Missouri Osage Linn
12%
Connecticut Litchfield Litchfield
12%
Minnesota Meeker Litchfield
12%
Colorado Arapahoe Littleton
12%
Kentucky Lawrence Louisa
12%
Virginia Louisa Louisa
12%
California Madera Madera
12%
Kansas Jewell Mankato
12%
Minnesota Blue Earth Mankato
12%
West Virginia Berkeley Martinsburg
12%
Montana Custer Miles City
12%
Louisiana Webster Minden
12%
Nebraska Kearney Minden
12%
Nevada Douglas Minden
12%
Louisiana Natchitoches Natchitoches
12%
Nebraska Otoe Nebraska City
12%
California Nevada Nevada City
12%
Arizona Santa Cruz Nogales
12%
Nebraska Keith Ogallala
12%
Kansas Labette Oswego
12%
New York Oswego Oswego
12%
Iowa Wapello Ottumwa
12%
Colorado Ouray Ouray
12%
Alaska Matanuska-Susitna Palmer
12%
South Carolina Pickens Pickens
12%
Missouri Butler Poplar Bluff
12%
California San Mateo Redwood City
12%
Texas Starr Rio Grande City
12%
New York Suffolk Riverhead
12%
Maine Knox Rockland
12%
Oregon Douglas Roseburg
12%
Illinois Schuyler Rushville
12%
Indiana Rush Rushville
12%
Nebraska Sheridan Rushville
12%
Vermont Rutland Rutland
12%
Colorado Saguache Saguache
12%
Texas Terrell Sanderson
12%
Alaska Aleutians East Sand Point
12%
Idaho Bonner Sandpoint
12%
California Marin San Rafael
12%
Texas San Saba San Saba
12%
Virginia Falls Church Falls Church
12%
Virginia Galax Galax
12%
Texas Scurry Snyder
12%
New Jersey Somerset Somerville
12%
Tennessee Fayette Somerville
12%
Kentucky Lincoln Stanford
12%
Montana Judith Basin Stanford
12%
Ohio Jefferson Steubenville
12%
South Dakota Meade Sturgis
12%
Wyoming Crook Sundance
12%
New Jersey Ocean Toms River
12%
New Mexico Sierra Truth or Consequences
12%
Georgia Dooly Vienna
12%
Illinois Johnson Vienna
12%
Missouri Maries Vienna
12%
Indiana Wabash Wabash
12%
Missouri Pulaski Waynesville
12%
North Carolina Haywood Waynesville
12%
Kansas Sumner Wellington
12%
Texas Collingsworth Wellington
12%
Virginia York Yorktown
12%
Georgia Bacon Alma
10%
Kansas Wabaunsee Alma
10%
Nebraska Harlan Alma
10%
Wisconsin Buffalo Alma
10%
Virginia Amelia Amelia
10%
Nebraska Arthur Arthur
10%
Kansas Atchison Atchison
10%
Wisconsin Sauk Baraboo
10%
Oklahoma Washington Bartlesville
10%
Indiana Greene Bloomfield
10%
Iowa Davis Bloomfield
10%
Missouri Stoddard Bloomfield
10%
Texas Kendall Boerne
10%
Missouri Polk Bolivar
10%
Tennessee Hardeman Bolivar
10%
Utah Box Elder Brigham City
10%
Georgia Haralson Buchanan
10%
Missouri Moniteau California
10%
Colorado Fremont Cañon City
10%
Illinois Clinton Carlyle
10%
Alabama Cherokee Centre
10%
Iowa Floyd Charles City
10%
Virginia Charles City Charles City
10%
West Virginia Jefferson Charles Town
10%
West Virginia Harrison Clarksburg
10%
Pennsylvania Clearfield Clearfield
10%
South Dakota Deuel Clear Lake
10%
New York Otsego Cooperstown
10%
North Dakota Griggs Cooperstown
10%
Mississippi Alcorn Corinth
10%
Iowa Adams Corning
10%
Texas Navarro Corsicana
10%
Indiana Lake Crown Point
10%
South Dakota Lawrence Deadwood
10%
North Dakota Ramsey Devils Lake
10%
Texas Dickens Dickens
10%
Illinois Lee Dixon
10%
Kentucky Webster Dixon
10%
Texas Moore Dumas
10%
South Carolina Edgefield Edgefield
10%
North Carolina Pasquotank Elizabeth City
10%
Minnesota Rice Faribault
10%
Georgia Monroe Forsyth
10%
Missouri Taney Forsyth
10%
Montana Rosebud Forsyth
10%
Texas Jeff Davis Fort Davis
10%
Iowa Webster Fort Dodge
10%
Illinois Jo Daviess Galena
10%
Missouri Stone Galena
10%
Alabama Geneva Geneva
10%
Illinois Kane Geneva
10%
Nebraska Fillmore Geneva
10%
Texas Goliad Goliad
10%
Mississippi Grenada Grenada
10%
California Kings Hanford
10%
Michigan Barry Hastings
10%
Minnesota Dakota Hastings
10%
Nebraska Adams Hastings
10%
Wisconsin Sawyer Hayward
10%
Utah Wasatch Heber City
10%
Colorado Phillips Holyoke
10%
Colorado Lincoln Hugo
10%
Oklahoma Choctaw Hugo
10%
Missouri Iron Ironton
10%
Ohio Lawrence Ironton
10%
Louisiana Jefferson Davis Jennings
10%
Illinois Jersey Jerseyville
10%
Montana Garfield Jordan
10%
Texas Winkler Kermit
10%
Virginia King George King George
10%
Colorado Elbert Kiowa
10%
Oregon Lake Lakeview
10%
Maryland Charles La Plata
10%
Georgia Gwinnett Lawrenceville
10%
Illinois Lawrence Lawrenceville
10%
Virginia Brunswick Lawrenceville
10%
Arkansas Lafayette Lewisville
10%
Kansas Seward Liberal
10%
Tennessee Loudon Loudon
10%
Wisconsin Manitowoc Manitowoc
10%
Tennessee Blount Maryville
10%
Arkansas Polk Mena
10%
Alabama Monroe Monroeville
10%
Minnesota Kanabec Mora
10%
New Mexico Mora Mora
10%
Texas Bowie New Boston
10%
Pennsylvania Montgomery Norristown
10%
Alabama Blount Oneonta
10%
Texas Crockett Ozona
10%
Ohio Paulding Paulding
10%
Nebraska Thurston Pender
10%
Wyoming Sublette Pinedale
10%
Georgia Webster Preston
10%
Idaho Franklin Preston
10%
Minnesota Fillmore Preston
10%
Georgia Brooks Quitman
10%
Mississippi Clarke Quitman
10%
Texas Wood Quitman
10%
Utah Rich Randolph
10%
California Tehama Red Bluff
10%
Texas Refugio Refugio
10%
Indiana Jasper Rensselaer
10%
Virginia Franklin Rocky Mount
10%
Texas Cherokee Rusk
10%
Louisiana Lincoln Ruston
10%
Oregon Columbia Saint Helens
10%
Colorado Chaffee Salida
10%
Alabama Dallas Selma
10%
Tennessee Sevier Sevierville
10%
Colorado San Juan Silverton
10%
Texas Briscoe Silverton
10%
Alaska Skagway Skagway
10%
Virginia Manassas Park Manassas Park
10%
New Mexico Socorro Socorro
10%
California Tuolumne Sonora
10%
Texas Sutton Sonora
10%
Kentucky Powell Stanton
10%
Michigan Montcalm Stanton
10%
Nebraska Stanton Stanton
10%
North Dakota Mercer Stanton
10%
Texas Martin Stanton
10%
Mississippi Oktibbeha Starkville
10%
Texas Erath Stephenville
10%
Wisconsin Door Sturgeon Bay
10%
Illinois Christian Taylorville
10%
Wyoming Hot Springs Thermopolis
10%
Georgia Thomas Thomasville
10%
Oregon Tillamook Tillamook
10%
Nevada Nye Tonopah
10%
Wyoming Goshen Torrington
10%
New Mexico Quay Tucumcari
10%
California Mendocino Ukiah
10%
Kansas Grant Ulysses
10%
Texas Oldham Vega
10%
Indiana Ripley Versailles
10%
Kentucky Woodford Versailles
10%
Missouri Morgan Versailles
10%
Idaho Shoshone Wallace
10%
Georgia Warren Warrenton
10%
Missouri Warren Warrenton
10%
North Carolina Warren Warrenton
10%
Virginia Fauquier Warrenton
10%
Texas Parker Weatherford
10%
South Dakota Day Webster
10%
Illinois DuPage Wheaton
10%
Minnesota Traverse Wheaton
10%
Texas Wheeler Wheeler
10%
North Carolina Wilson Wilson
10%
Minnesota Winona Winona
10%
Mississippi Montgomery Winona
10%
New Jersey Gloucester Woodbury
10%
Tennessee Cannon Woodbury
10%
Mississippi Wilkinson Woodville
10%
Texas Tyler Woodville
10%
Oklahoma Woodward Woodward
10%
Alaska Wrangell Wrangell
10%
Minnesota Freeborn Albert Lea
8%
Illinois Edwards Albion
8%
Indiana Noble Albion
8%
Nebraska Boone Albion
8%
New York Orleans Albion
8%
Nebraska Box Butte Alliance
8%
Idaho Power American Falls
8%
Alabama Calhoun Anniston
8%
Texas Archer Archer City
8%
Oklahoma Carter Ardmore
8%
Washington Asotin Asotin
8%
Missouri Douglas Ava
8%
New Mexico San Juan Aztec
8%
New York Genesee Batavia
8%
Ohio Clermont Batavia
8%
Arkansas Independence Batesville
8%
North Dakota Golden Valley Beach
8%
Maryland Harford Bel Air
8%
New York Allegany Belmont
8%
Texas Bell Belton
8%
Minnesota Beltrami Bemidji
8%
Texas Knox Benjamin
8%
Texas Fannin Bonham
8%
Indiana Warrick Boonville
8%
Missouri Cooper Boonville
8%
Nebraska Custer Broken Bow
8%
Texas Burnet Burnet
8%
New Jersey Cape May Cape May Court House
8%
Kentucky Nicholas Carlisle
8%
Pennsylvania Cumberland Carlisle
8%
Nebraska Dawes Chadron
8%
Pennsylvania Franklin Chambersburg
8%
Oklahoma Lincoln Chandler
8%
Wisconsin Chippewa Chippewa Falls
8%
Kansas Gray Cimarron
8%
Iowa Wright Clarion
8%
Pennsylvania Clarion Clarion
8%
Texas Johnson Cleburne
8%
Kansas Thomas Colby
8%
Alabama Shelby Columbiana
8%
Kansas Cloud Concordia
8%
Texas La Salle Cotulla
8%
Indiana Montgomery Crawfordsville
8%
Florida Wakulla Crawfordville
8%
Georgia Taliaferro Crawfordville
8%
Alabama Cullman Cullman
8%
Montana Powell Deer Lodge
8%
Ohio Defiance Defiance
8%
Florida Volusia DeLand
8%
New York Delaware Delhi
8%
Colorado Rio Grande Del Norte
8%
New Mexico Luna Deming
8%
Iowa Crawford Denison
8%
Idaho Clark Dubois
8%
Utah Duchesne Duchesne
8%
Oklahoma Bryan Durant
8%
Michigan Keweenaw Eagle River
8%
Wisconsin Vilas Eagle River
8%
Ohio Preble Eaton
8%
Washington Kittitas Ellensburg
8%
Ohio Lorain Elyria
8%
Oregon Wallowa Enterprise
8%
Oklahoma Major Fairview
8%
Nebraska Richardson Falls City
8%
Texas Floyd Floydada
8%
Arkansas St. Francis Forrest City
8%
Colorado Morgan Fort Morgan
8%
Kansas Bourbon Fort Scott
8%
Alabama Etowah Gadsden
8%
Illinois Knox Galesburg
8%
North Carolina Gaston Gastonia
8%
North Carolina Gates Gatesville
8%
Texas Coryell Gatesville
8%
New York Livingston Geneseo
8%
Georgia Glascock Gibson
8%
Texas Upshur Gilmer
8%
Montana Dawson Glendive
8%
Texas Somervell Glen Rose
8%
Nevada Esmeralda Goldfield
8%
Kansas Sherman Goodland
8%
Indiana Elkhart Goshen
8%
New York Orange Goshen
8%
Indiana Putnam Greencastle
8%
North Carolina Halifax Halifax
8%
Virginia Halifax Halifax
8%
Iowa Shelby Harlan
8%
Kentucky Harlan Harlan
8%
Montana Hill Havre
8%
Nevada Mineral Hawthorne
8%
Nebraska Thayer Hebron
8%
North Carolina Orange Hillsborough
8%
Oklahoma Harmon Hollis
8%
Maine Aroostook Houlton
8%
Nebraska Grant Hyannis
8%
Idaho Boise Idaho City
8%
Iowa Warren Indianola
8%
Mississippi Sunflower Indianola
8%
Pennsylvania Carbon Jim Thorpe
8%
Wyoming Lincoln Kemmerer
8%
Virginia King William King William
8%
North Dakota Nelson Lakota
8%
Indiana Dearborn Lawrenceburg
8%
Kentucky Anderson Lawrenceburg
8%
Tennessee Lawrence Lawrenceburg
8%
Texas Hockley Levelland
8%
Texas Lipscomb Lipscomb
8%
North Carolina Robeson Lumberton
8%
Georgia Toombs Lyons
8%
Kansas Rice Lyons
8%
New York Wayne Lyons
8%
California Mariposa Mariposa
8%
California Contra Costa Martinez
8%
Oklahoma Pittsburg McAlester
8%
Oregon Yamhill McMinnville
8%
Tennessee Warren McMinnville
8%
Kansas McPherson McPherson
8%
Kansas Meade Meade
8%
Pennsylvania Pike Milford
8%
Texas Ward Monahans
8%
Texas Montague Montague
8%
Minnesota Clay Moorhead
8%
Arkansas Baxter Mountain Home
8%
Idaho Elmore Mountain Home
8%
Idaho Owyhee Murphy
8%
North Carolina Cherokee Murphy
8%
Kentucky Calloway Murray
8%
Nebraska Nuckolls Nelson
8%
North Carolina Craven New Bern
8%
Idaho Lewis Nezperce
8%
Kansas Logan Oakley
8%
Kansas Decatur Oberlin
8%
Louisiana Allen Oberlin
8%
Iowa Mitchell Osage
8%
Colorado Archuleta Pagosa Springs
8%
Texas Palo Pinto Palo Pinto
8%
Oklahoma Pawnee Pawnee
8%
Illinois Tazewell Pekin
8%
Kentucky Pike Pikeville
8%
Tennessee Bledsoe Pikeville
8%
California El Dorado Placerville
8%
Texas Yoakum Plains
8%
Missouri Platte Platte City
8%
Nebraska Dixon Ponca
8%
Texas Calhoun Port Lavaca
8%
Washington Jefferson Port Townsend
8%
Texas Garza Post
8%
Minnesota Goodhue Red Wing
8%
Wisconsin Oneida Rhinelander
8%
Utah Sevier Richfield
8%
Illinois Crawford Robinson
8%
North Carolina Richmond Rockingham
8%
Kansas Russell Russell
8%
Idaho Lemhi Salmon
8%
Texas San Augustine San Augustine
8%
Nebraska Colfax Schuyler
8%
Kentucky Allen Scottsville
8%
Missouri Pettis Sedalia
8%
Texas Baylor Seymour
8%
Illinois Gallatin Shawneetown
8%
Idaho Lincoln Shoshone
8%
New Mexico Grant Silver City
8%
Virginia Stafford Stafford
8%
North Dakota Mountrail Stanley
8%
Washington Skamania Stevenson
8%
Wisconsin Portage Stevens Point
8%
Minnesota Watonwan St. James
8%
Oklahoma Murray Sulphur
8%
Texas Hopkins Sulphur Springs
8%
Georgia Chattooga Summerville
8%
Virginia Surry Surry
8%
Kentucky Spencer Taylorsville
8%
North Carolina Alexander Taylorsville
8%
Oregon Wasco The Dalles
8%
Minnesota Pennington Thief River Falls
8%
Ohio Seneca Tiffin
8%
Florida Brevard Titusville
8%
Minnesota Lake Two Harbor
8%
Pennsylvania Fayette Uniontown
8%
Ohio Van Wert Van Wert
8%
Florida Indian River Vero Beach
8%
Oklahoma Craig Vinita
8%
Colorado Huerfano Walsenburg
8%
Missouri Johnson Warrensburg
8%
Pennsylvania Greene Waynesburg
8%
California Trinity Weaverville
8%
Washington Chelan Wenatchee
8%
Mississippi Clay West Point
8%
Nebraska Cuming West Point
8%
Wyoming Washakie Worland
8%
Illinois Kendall Yorkville
8%
Virginia Accomack Accomac
6%
Nebraska Brown Ainsworth
6%
Michigan Allegan Allegan
6%
South Carolina Allendale Allendale
6%
California Modoc Alturas
6%
Oklahoma Jackson Altus
6%
Georgia Sumter Americus
6%
Texas Jones Anson
6%
Wisconsin Langlade Antigo
6%
Florida Franklin Apalachicola
6%
Oklahoma Custer Arapaho
6%
Arkansas Desha Arkansas City
6%
Arkansas Little River Ashdown
6%
Oklahoma Atoka Atoka
6%
Michigan Lake Baldwin
6%
South Carolina Bamberg Bamberg
6%
South Carolina Barnwell Barnwell
6%
Wisconsin Barron Barron
6%
Florida Polk Bartow
6%
Wyoming Big Horn Basin
6%
Nebraska Gage Beatrice
6%
Maine Waldo Belfast
6%
Ohio Logan Bellefontaine
6%
Minnesota Swift Benson
6%
Texas Reagan Big Lake
6%
Idaho Bingham Blackfoot
6%
Virginia Bland Bland
6%
Pennsylvania Columbia Bloomsburg
6%
Idaho Boundary Bonners Ferry
6%
North Dakota Bowman Bowman
6%
Texas Kinney Brackettville
6%
Texas McCulloch Brady
6%
Texas Washington Brenham
6%
New Hampshire Rockingham Brentwood
6%
North Carolina Transylvania Brevard
6%
Mississippi Lincoln Brookhaven
6%
Florida Hernando Brooksville
6%
Kentucky Bracken Brooksville
6%
Indiana Franklin Brookville
6%
Pennsylvania Jefferson Brookville
6%
Texas Terry Brownfield
6%
Indiana Jackson Brownstown
6%
Kentucky Cumberland Burkesville
6%
Idaho Cassia Burley
6%
Michigan Wexford Cadillac
6%
Missouri Camden Camdenton
6%
Minnesota Carlton Carlton
6%
Texas Dimmit Carrizo Springs
6%
Missouri Barry Cassville
6%
Alabama Bibb Centreville
6%
Maryland Queen Anne's Centreville
6%
Michigan St. Joseph Centreville
6%
South Dakota Brule Chamberlain
6%
Michigan Charlevoix Charlevoix
6%
Colorado Cheyenne Cheyenne Wells
6%
Arkansas Monroe Clarendon
6%
Texas Donley Clarendon
6%
Mississippi Coahoma Clarksdale
6%
Georgia Bleckley Cochran
6%
Texas Coleman Coleman
6%
Texas Mitchell Colorado City
6%
Tennessee Putnam Cookeville
6%
Texas Crane Crane
6%
Colorado Mineral Creede
6%
Florida Okaloosa Crestview
6%
Texas Crosby Crosbyton
6%
Tennessee Cumberland Crossville
6%
Texas Zavala Crystal City
6%
Texas DeWitt Cuero
6%
Virginia Culpeper Culpeper
6%
Montana Glacier Cut Bank
6%
Texas Morris Daingerfield
6%
Iowa Humboldt Dakota City
6%
Nebraska Dakota Dakota City
6%
Georgia McIntosh Darien
6%
Indiana Carroll Delphi
6%
Texas Castro Dimmitt
6%
Pennsylvania Bucks Doylestown
6%
Oklahoma Stephens Duncan
6%
Tennessee Dyer Dyersburg
6%
Florida Collier East Naples
6%
Missouri Knox Edina
6%
Kentucky Todd Elkton
6%
Maryland Cecil Elkton
6%
Kansas Ellsworth Ellsworth
6%
Maine Hancock Ellsworth
6%
Wisconsin Pierce Ellsworth
6%
Oklahoma Canadian El Reno
6%
Idaho Gem Emmett
6%
Indiana Crawford English
6%
Michigan Delta Escanaba
6%
Colorado Park Fairplay
6%
Texas Brooks Falfurrias
6%
Iowa Winnebago Forest City
6%
Indiana Benton Fowler
6%
Missouri Madison Fredericktown
6%
Nebraska Nance Fullerton
6%
Texas Borden Gail
6%
Texas Live Oak George West
6%
Texas Lee Giddings
6%
Oregon Curry Gold Beach
6%
Texas Hood Granbury
6%
Minnesota Cook Grand Marais
6%
Kentucky Carter Grayson
6%
Wisconsin Green Lake Green Lake
6%
Texas Limestone Groesbeck
6%
Oklahoma Logan Guthrie
6%
Texas King Guthrie
6%
Arkansas Ashley Hamburg
6%
Indiana Blackford Hartford City
6%
Texas Haskell Haskell
6%
Texas Jim Hogg Hebbronville
6%
Texas Clay Henrietta
6%
Mississippi DeSoto Hernando
6%
Arizona Navajo Holbrook
6%
California San Benito Hollister
6%
Kansas Elk Howard
6%
South Dakota Miner Howard
6%
Missouri Jackson Independence and Kansas City
6%
Michigan Ionia Ionia
6%
Virginia Isle of Wight Isle of Wight
6%
Texas Kent Jayton
6%
Idaho Jerome Jerome
6%
Virginia Lee Jonesville
6%
Texas Atascosa Jourdanton
6%
Colorado Sedgwick Julesburg
6%
Kansas Geary Junction City
6%
Utah Kane Kanab
6%
New Hampshire Cheshire Keene
6%
Missouri Dunklin Kennett
6%
Indiana Newton Kentland
6%
Oklahoma Kingfisher Kingfisher
6%
North Carolina Lenoir Kinston
6%
Colorado Otero La Junta
6%
Texas Dawson Lamesa
6%
Colorado Lake Leadville
6%
Texas Real Leakey
6%
Louisiana Vernon Leesville
6%
Iowa Decatur Leon
6%
Pennsylvania Union Lewisburg
6%
Tennessee Marshall Lewisburg
6%
West Virginia Greenbrier Lewisburg
6%
Alabama Marengo Linden
6%
Tennessee Perry Linden
6%
Texas Cass Linden
6%
Missouri Linn Linneus
6%
North Dakota Ransom Lisbon
6%
Ohio Columbiana Lisbon
6%
Texas Llano Llano
6%
Utah Wayne Loa
6%
Texas Caldwell Lockhart
6%
New Mexico Lea Lovington
6%
Wyoming Niobrara Lusk
6%
North Dakota Morton Mandan
6%
Louisiana Sabine Many
6%
Iowa Iowa Marengo
6%
Texas Falls Marlin
6%
Kentucky Mason Maysville
6%
Missouri DeKalb Maysville
6%
New York Chautauqua Mayville
6%
South Carolina McCormick McCormick
6%
Mississippi Franklin Meadville
6%
Pennsylvania Crawford Meadville
6%
Pennsylvania Delaware Media
6%
Texas Menard Menard
6%
Wisconsin Dunn Menomonie
6%
Wisconsin Lincoln Merrill
6%
Georgia Baldwin Milledgeville
6%
Iowa Poweshiek Montezuma
6%
Illinois Whiteside Morrison
6%
Arkansas Stone Mountain View
6%
Illinois Jackson Murphysboro
6%
Missouri Newton Neosho
6%
Michigan Luce Newberry
6%
South Carolina Newberry Newberry
6%
Louisiana Iberia New Iberia
6%
Minnesota Brown New Ulm
6%
Oklahoma Nowata Nowata
6%
Illinois Richland Olney
6%
Alabama Lee Opelika
6%
Iowa Mahaska Oskaloosa
6%
Kansas Jefferson Oskaloosa
6%
Minnesota Steele Owatonna
6%
Missouri Marion Palmyra
6%
Virginia Fluvanna Palmyra
6%
Indiana Orange Paoli
6%
Mississippi Jackson Pascagoula
6%
Illinois Ford Paxton
6%
Idaho Payette Payette
6%
Texas Frio Pearsall
6%
Texas Ochiltree Perryton
6%
Alabama Russell Phenix City
6%
Wisconsin Price Phillips
6%
Kentucky Bell Pineville
6%
Missouri McDonald Pineville
6%
West Virginia Wyoming Pineville
6%
Minnesota Pipestone Pipestone
6%
New York Clinton Plattsburgh
6%
Arkansas Randolph Pocahontas
6%
Iowa Pocahontas Pocahontas
6%
Missouri Washington Potosi
6%
Oregon Crook Prineville
6%
Florida Charlotte Punta Gorda
6%
Texas Hardeman Quanah
6%
Texas Willacy Raymondville
6%
Georgia Catoosa Ringgold
6%
Indiana Ohio Rising Sun
6%
Texas Coke Robert Lee
6%
Texas Fisher Roby
6%
Minnesota Roseau Roseau
6%
Alabama Franklin Russellville
6%
Arkansas Pope Russellville
6%
Kentucky Logan Russellville
6%
Vermont Franklin Saint Albans
6%
Kansas Cheyenne Saint Francis
6%
South Carolina Saluda Saluda
6%
Virginia Middlesex Saluda
6%
Oklahoma Beckham Sayre
6%
Arkansas White Searcy
6%
Indiana Martin Shoals
6%
Texas Hudspeth Sierra Blanca
6%
Texas San Patricio Sinton
6%
Virginia Radford Radford
6%
Tennessee DeKalb Smithville
6%
Florida Bradford Starke
6%
Iowa Buena Vista Storm Lake
6%
Pennsylvania Monroe Stroudsburg
6%
Florida Martin Stuart
6%
Virginia Patrick Stuart
6%
Oklahoma Cherokee Tahlequah
6%
Massachusetts Bristol Taunton
6%
Montana Prairie Terry
6%
Texas Throckmorton Throckmorton
6%
Maryland Baltimore Towson
6%
Texas Swisher Tulia
6%
Alabama Macon Tuskegee
6%
Illinois Fayette Vandalia
6%
Indiana Switzerland Vevay
6%
North Dakota Richland Wahpeton
6%
Colorado Jackson Walden
6%
Minnesota Cass Walker
6%
Oklahoma Cotton Walters
6%
Ohio Fayette Washington Court House
6%
Georgia Ware Waycross
6%
West Virginia Lewis Weston
6%
Missouri Howell West Plains
6%
Texas Wharton Wharton
6%
Montana Wibaux Wibaux
6%
Kentucky Ballard Wickliffe
6%
Kentucky Grant Williamstown
6%
California Glenn Willows
6%
Indiana Pulaski Winamac
6%
Louisiana Winn Winnfield
6%
Louisiana Franklin Winnsboro
6%
South Carolina Fairfield Winnsboro
6%
Montana Roosevelt Wolf Point
6%
California Yolo Woodland
6%
Minnesota Nobles Worthington
6%
Colorado Yuma Wray
6%
Ohio Greene Xenia
6%
Alaska Yakutat Yakutat
6%
Georgia Cook Adel
4%
Iowa Dallas Adel
4%
Michigan Lenawee Adrian
4%
Minnesota Aitkin Aitkin
4%
North Carolina Stanly Albemarle
4%
Oklahoma Woods Alva
4%
Texas Chambers Anahuac
4%
Texas Brazoria Angleton
4%
Minnesota Anoka Anoka
4%
Oklahoma Pushmataha Antlers
4%
Georgia Columbia Appling
4%
Florida DeSoto Arcadia
4%
Louisiana Bienville Arcadia
4%
Arkansas Clark Arkadelphia
4%
Oklahoma Ellis Arnett
4%
North Dakota McIntosh Ashley
4%
Texas Stonewall Aspermont
4%
Texas Callahan Baird
4%
North Carolina Mitchell Bakersville
4%
Texas Runnels Ballinger
4%
Georgia Lamar Barnesville
4%
Nebraska Wheeler Bartlett
4%
Georgia Appling Baxley
4%
Mississippi Hancock Bay St. Louis
4%
Pennsylvania Centre Bellefonte
4%
South Dakota Butte Belle Fourche
4%
Texas Austin Bellville
4%
Illinois Boone Belvidere
4%
New Jersey Warren Belvidere
4%
West Virginia Morgan Berkeley Springs
4%
New Mexico Sandoval Bernalillo
4%
Michigan Mecosta Big Rapids
4%
Arizona Cochise Bisbee
4%
Wisconsin Jackson Black River Falls
4%
Georgia Union Blairsville
4%
Tennessee Sullivan Blountville
4%
Indiana Wells Bluffton
4%
Kentucky Owsley Booneville
4%
Mississippi Prentiss Booneville
4%
North Dakota Bottineau Bottineau
4%
Minnesota Crow Wing Brainerd
4%
Nebraska Blaine Brewster
4%
New Jersey Cumberland Bridgeton
4%
Kentucky Trigg Cadiz
4%
Ohio Harrison Cadiz
4%
Kentucky Taylor Campbellsville
4%
Oregon Grant Canyon City
4%
Illinois White Carmi
4%
Missouri Pemiscot Caruthersville
4%
Ohio Mercer Celina
4%
Tennessee Clay Celina
4%
Texas Hartley Channing
4%
Virginia Pittsylvania Chatham
4%
Wisconsin Calumet Chilton
4%
Georgia Evans Claxton
4%
Arizona Greenlee Clifton
4%
Kansas Comanche Coldwater
4%
Michigan Branch Coldwater
4%
Colorado Conejos Conejos
4%
Indiana Fayette Connersville
4%
New York Cortland Cortland
4%
Indiana Harrison Corydon
4%
Iowa Wayne Corydon
4%
Minnesota Polk Crookston
4%
Texas Foard Crowell
4%
Georgia Forsyth Cumming
4%
North Carolina Currituck Currituck
4%
Georgia Lumpkin Dahlonega
4%
Georgia Madison Danielsville
4%
Georgia Dawson Dawsonville
4%
Iowa Winneshiek Decorah
4%
Minnesota Becker Detroit Lakes
4%
Virginia Dinwiddie Dinwiddie
4%
Wisconsin Iowa Dodgeville
4%
Missouri Ripley Doniphan
4%
Georgia Douglas Douglasville
4%
Tennessee Weakley Dresden
4%
Tennessee Sequatchie Dunlap
4%
Rhode Island Kent East Greenwich
4%
Louisiana St. John the Baptist Edgard
4%
Massachusetts Dukes Edgartown
4%
Kentucky Metcalfe Edmonton
4%
Texas Jackson Edna
4%
West Virginia Randolph Elkins
4%
South Dakota Union Elk Point
4%
Maryland Howard Ellicott City
4%
Georgia Gilmer Ellijay
4%
Pennsylvania Cameron Emporium
4%
Minnesota Martin Fairmont
4%
West Virginia Marion Fairmont
4%
Kentucky Pendleton Falmouth
4%
Texas Parmer Farwell
4%
Minnesota Otter Tail Fergus Falls
4%
Florida Nassau Fernandina Beach
4%
Texas Wilson Floresville
4%
Florida St. Lucie Fort Pierce
4%
Wisconsin Adams Friendship
4%
South Carolina Cherokee Gaffney
4%
Ohio Gallia Gallipolis
4%
Nebraska Scotts Bluff Gering
4%
North Carolina Wayne Goldsboro
4%
Virginia Goochland Goochland
4%
Idaho Gooding Gooding
4%
North Dakota Walsh Grafton
4%
West Virginia Taylor Grafton
4%
Missouri Worth Grant City
4%
Kansas Barton Great Bend
4%
Tennessee Greene Greeneville
4%
Kentucky Greenup Greenup
4%
Louisiana Jefferson Gretna
4%
New Jersey Bergen Hackensack
4%
Texas Lavaca Hallettsville
4%
Michigan Alcona Harrisville
4%
West Virginia Ritchie Harrisville
4%
Missouri Wright Hartville
4%
Illinois Mason Havana
4%
Georgia Pulaski Hawkinsville
4%
North Carolina Clay Hayesville
4%
South Dakota Hamlin Hayti
4%
Georgia Jeff Davis Hazlehurst
4%
Mississippi Copiah Hazlehurst
4%
Texas Sabine Hemphill
4%
North Carolina Henderson Hendersonville
4%
Illinois Putnam Hennepin
4%
New York Herkimer Herkimer
4%
Missouri Gasconade Hermann
4%
Missouri Hickory Hermitage
4%
Michigan Hillsdale Hillsdale
4%
Georgia Liberty Hinesville
4%
Kansas Jackson Holton
4%
Texas Medina Hondo
4%
Pennsylvania Wayne Honesdale
4%
Kansas Stevens Hugoton
4%
Vermont Lamoille Hyde Park
4%
Oklahoma McCurtain Idabel
4%
Tennessee Campbell Jacksboro
4%
Texas Jack Jacksboro
4%
Georgia Wayne Jesup
4%
Texas Karnes Karnes City
4%
Washington Cowlitz Kelso
4%
West Virginia Preston Kingwood
4%
Mississippi Attala Kosciusko
4%
Alaska Northwest Arctic Kotzebue
4%
Texas Hardin Kountze
4%
Florida Hendry LaBelle
4%
Illinois Marshall Lacon
4%
New Hampshire Belknap Laconia
4%
Oregon Union La Grande
4%
Iowa Plymouth Le Mars
4%
North Carolina Caldwell Lenoir
4%
Montana Lincoln Libby
4%
Georgia Lincoln Lincolnton
4%
North Carolina Lincoln Lincolnton
4%
Texas Lamb Littlefield
4%
Florida Suwannee Live Oak
4%
New York Niagara Lockport
4%
New Mexico Hidalgo Lordsburg
4%
New Mexico Valencia Los Lunas
4%
Nevada Pershing Lovelock
4%
Virginia Lunenburg Lunenburg
4%
Kansas Osage Lyndon
4%
Oregon Jefferson Madras
4%
Arkansas Columbia Magnolia
4%
Mississippi Pike Magnolia
4%
New York Franklin Malone
4%
Arkansas Hot Spring Malvern
4%
North Dakota Dunn Manning
4%
South Carolina Clarendon Manning
4%
Utah Sanpete Manti
4%
Iowa Jackson Maquoketa
4%
Missouri Bollinger Marble Hill
4%
Arkansas Lee Marianna
4%
Florida Jackson Marianna
4%
Mississippi Quitman Marks
4%
Louisiana Avoyelles Marksville
4%
Missouri Webster Marshfield
4%
Texas Motley Matador
4%
Virginia Mathews Mathews
4%
Kentucky Graves Mayfield
4%
Nebraska Red Willow McCook
4%
South Dakota Corson McIntosh
4%
Kentucky Jackson McKee
4%
Illinois Hamilton McLeansboro
4%
North Dakota Billings Medora
4%
Colorado Rio Blanco Meeker
4%
Texas Irion Mertzon
4%
Florida Santa Rosa Milton
4%
New York Nassau Mineola
4%
Michigan Oscoda Mio
4%
Minnesota Chippewa Montevideo
4%
Missouri Montgomery Montgomery City
4%
Kentucky Rowan Morehead
4%
Kentucky Union Morganfield
4%
New Mexico Harding Mosquero
4%
Illinois Pulaski Mound City
4%
Kansas Linn Mound City
4%
South Dakota Campbell Mound City
4%
Illinois Wabash Mount Carmel
4%
Texas Bailey Muleshoe
4%
Nebraska Hooker Mullen
4%
Michigan Alger Munising
4%
South Dakota Jones Murdo
4%
North Dakota Logan Napoleon
4%
Ohio Henry Napoleon
4%
Utah Juab Nephi
4%
Kansas Ness Ness City
4%
Ohio Tuscarawas New Philadelphia
4%
Kentucky Jessamine Nicholasville
4%
Louisiana West Carroll Oak Grove
4%
Georgia Macon Oglethorpe
4%
Oklahoma Okmulgee Okmulgee
4%
Nebraska Holt O'Neill
4%
Michigan Ontonagon Ontonagon
4%
Louisiana St. Landry Opelousas
4%
Iowa Sioux Orange City
4%
Nebraska Valley Ord
4%
California Butte Oroville
4%
Kentucky Owen Owenton
4%
Ohio Lake Painesville
4%
Texas Concho Paint Rock
4%
Kentucky Johnson Paintsville
4%
Utah Garfield Panguitch
4%
Texas Carson Panhandle
4%
Utah Iron Parowan
4%
Oklahoma Osage Pawhuska
4%
Nebraska Pawnee Pawnee City
4%
Georgia Bryan Pembroke
4%
South Dakota Haakon Philip
4%
Kansas Phillips Phillipsburg
4%
Illinois Perry Pinckneyville
4%
Nevada Lincoln Pioche
4%
Montana Lake Polson
4%
Ohio Meigs Pomeroy
4%
Washington Garfield Pomeroy
4%
New Mexico Roosevelt Portales
4%
Ohio Ottawa Port Clinton
4%
Wisconsin Ozaukee Port Washington
4%
Pennsylvania Schuylkill Pottsville
4%
Kansas Pratt Pratt
4%
Mississippi Jefferson Davis Prentiss
4%
Oklahoma Mayes Pryor
4%
New York Warren Queensbury
4%
Texas Upton Rankin
4%
Ohio Portage Ravenna
4%
Montana Carbon Red Lodge
4%
Georgia Tattnall Reidsville
4%
South Carolina Jasper Ridgeland
4%
Mississippi Tippah Ripley
4%
Tennessee Lauderdale Ripley
4%
West Virginia Jackson Ripley
4%
North Carolina Graham Robbinsville
4%
West Virginia Hampshire Romney
4%
North Dakota Pierce Rugby
4%
Arizona Graham Safford
4%
South Carolina Calhoun Saint Matthews
4%
Oklahoma Sequoyah Sallisaw
4%
Oklahoma Creek Sapulpa
4%
Texas Kenedy Sarita
4%
New York Schoharie Schoharie
4%
Kansas Scott Scott City
4%
Indiana Scott Scottsburg
4%
Minnesota Scott Shakopee
4%
Washington Mason Shelton
4%
Iowa Osceola Sibley
4%
Maine Somerset Skowhegan
4%
Alaska Kenai Peninsula Soldotna
4%
Rhode Island Washington South Kingstown
4%
Texas Hansford Spearman
4%
Nebraska Logan Stapleton
4%
Georgia Echols Statenville
4%
North Dakota Kidder Steele
4%
Texas Sterling Sterling City
4%
Texas Hutchinson Stinnett
4%
Nebraska Frontier Stockville
4%
Texas Sherman Stratford
4%
Georgia Emanuel Swainsboro
4%
Illinois DeKalb Sycamore
4%
North Carolina Jackson Sylva
4%
Florida Lake Tavares
4%
Tennessee Claiborne Tazewell
4%
Virginia Tazewell Tazewell
4%
Nebraska Johnson Tecumseh
4%
Indiana Perry Tell City
4%
Georgia Upson Thomaston
4%
Georgia Tift Tifton
4%
Texas McMullen Tilden
4%
Tennessee Lake Tiptonville
4%
Oklahoma Johnston Tishomingo
4%
Montana Broadwater Townsend
4%
Kansas Greeley Tribune
4%
Illinois Douglas Tuscola
4%
Alabama Colbert Tuscumbia
4%
Missouri Miller Tuscumbia
4%
Missouri Putnam Unionville
4%
Ohio Wyandot Upper Sandusky
4%
North Dakota Barnes Valley City
4%
Louisiana Concordia Vidalia
4%
Iowa Benton Vinton
4%
Oklahoma Wagoner Wagoner
4%
Ohio Auglaize Wapakoneta
4%
Washington Douglas Waterville
4%
New York Schuyler Watkins Glen
4%
Georgia Oconee Watkinsville
4%
Illinois Iroquois Watseka
4%
Iowa Bremer Waverly
4%
Ohio Pike Waverly
4%
Tennessee Humphreys Waverly
4%
Idaho Washington Weiser
4%
West Virginia McDowell Welch
4%
Wisconsin Washington West Bend
4%
Colorado Custer Westcliffe
4%
Wyoming Platte Wheatland
4%
Montana Meagher White Sulphur Springs
4%
Mississippi Stone Wiggins
4%
North Carolina Wilkes Wilkesboro
4%
Minnesota Kandiyohi Willmar
4%
Kansas Cowley Winfield
4%
West Virginia Putnam Winfield
4%
South Dakota Tripp Winner
4%
Wisconsin Wood Wisconsin Rapids
4%
South Dakota Sanborn Woonsocket
4%
Ohio Wayne Wooster
4%
Georgia Johnson Wrightsville
4%
Nevada Lyon Yerington
4%
Illinois Mercer Aledo
2%
Kentucky Campbell Alexandria and Newport
2%
Louisiana Tangipahoa Amite City
2%
Oklahoma Caddo Anadarko
2%
Alabama Covington Andalusia
2%
Idaho Butte Arco
2%
Georgia Turner Ashburn
2%
North Carolina Randolph Asheboro
2%
Kansas Rawlins Atwood
2%
Iowa Audubon Audubon
2%
Michigan Huron Bad Axe
2%
Georgia Decatur Bainbridge
2%
New York Saratoga Ballston Spa
2%
Kentucky Nelson Bardstown
2%
Kentucky Carlisle Bardwell
2%
Nebraska Rock Bassett
2%
Minnesota Lake of the Woods Baudette
2%
Alabama Baldwin Bay Minette
2%
Nebraska Furnas Beaver City
2%
Mississippi Humphreys Belzoni
2%
Nebraska Dundy Benkelman
2%
South Carolina Marlboro Bennettsville
2%
Vermont Bennington Bennington and Manchester
2%
Virginia Clarke Berryville
2%
Michigan Gogebic Bessemer
2%
Montana Sweet Grass Big Timber
2%
South Carolina Lee Bishopville
2%
Georgia Pierce Blackshear
2%
Georgia Early Blakely
2%
Georgia Fannin Blue Ridge
2%
North Carolina Brunswick Bolivia
2%
Florida Holmes Bonifay
2%
Kentucky Meade Brandenburg
2%
Montana Powder River Broadus
2%
Massachusetts Plymouth Brockton and Plymouth
2%
North Carolina Swain Bryson City
2%
Ohio Crawford Bucyrus
2%
North Carolina Yancey Burnsville
2%
Nebraska Garfield Burwell
2%
Minnesota Houston Caledonia
2%
Georgia Mitchell Camilla
2%
Georgia Franklin Carnesville
2%
New Mexico Lincoln Carrizozo
2%
Georgia Bartow Cartersville
2%
Idaho Valley Cascade
2%
Michigan Cass Cassopolis
2%
Utah Emery Castle Dale
2%
New York Greene Catskill
2%
North Dakota Pembina Cavalier
2%
Georgia Polk Cedartown
2%
Idaho Custer Challis
2%
Nebraska Deuel Chappell
2%
Ohio Geauga Chardon
2%
Iowa Lucas Chariton
2%
Minnesota Carver Chaska
2%
Georgia Murray Chatsworth
2%
Washington Lewis Chehalis
2%
Vermont Orange Chelsea
2%
Oklahoma Grady Chickasha
2%
Montana Blaine Chinook
2%
Montana Teton Choteau
2%
Virginia Montgomery Christiansburg
2%
Montana McCone Circle
2%
Ohio Pickaway Circleville
2%
Oklahoma Rogers Claremore
2%
Georgia Habersham Clarkesville
2%
Texas Armstrong Claude
2%
Kansas Clay Clay Center
2%
Nebraska Clay Clay Center
2%
Mississippi Bolivar Cleveland and Rosedale
2%
Oklahoma Coal Coalgate
2%
Utah Summit Coalville
2%
Texas San Jacinto Coldspring
2%
Georgia Miller Colquitt
2%
California Colusa Colusa
2%
Washington Stevens Colville
2%
Oregon Gilliam Condon
2%
Montana Pondera Conrad
2%
Louisiana St. James Convent
2%
Georgia Rockdale Conyers
2%
Oregon Coos Coquille
2%
Georgia Crisp Cordele
2%
Ohio Coshocton Coshocton
2%
Kansas Chase Cottonwood Falls
2%
Pennsylvania Potter Coudersport
2%
Kansas Morris Council Grove
2%
Louisiana Red River Coushatta
2%
Kentucky Kenton Covington and Independence
2%
Colorado Teller Cripple Creek
2%
Louisiana Acadia Crowley
2%
Georgia Chattahoochee Cusseta
2%
Georgia Randolph Cuthbert
2%
Florida Pasco Dade City
2%
Nebraska Butler David City
2%
Massachusetts Norfolk Dedham
2%
Florida Walton DeFuniak Springs
2%
Arkansas Sevier De Queen
2%
Louisiana Beauregard DeRidder
2%
Louisiana Ascension Donaldsonville
2%
Georgia Seminole Donalsonville
2%
Colorado Dolores Dove Creek
2%
Maine Piscataquis Dover-Foxcroft
2%
Idaho Teton Driggs
2%
South Dakota Ziebach Dupree
2%
Colorado Kiowa Eads
2%
Georgia Dodge Eastman
2%
Georgia Putnam Eatonton
2%
Pennsylvania Cambria Ebensburg
2%
Kentucky Lyon Eddyville
2%
North Carolina Chowan Edenton
2%
Montana Carter Ekalaka
2%
Georgia Elbert Elberton
2%
Tennessee Carter Elizabethton
2%
Minnesota Sherburne Elk River
2%
Georgia Schley Ellaville
2%
North Dakota Dickey Ellendale
2%
Nebraska Gosper Elwood
2%
Missouri Shannon Eminence
2%
Tennessee Houston Erin
2%
New Mexico Torrance Estancia
2%
Oklahoma McIntosh Eufaula
2%
Alabama Conecuh Evergreen
2%
Nebraska Jefferson Fairbury
2%
Louisiana Union Farmerville
2%
North Dakota Steele Finley
2%
Georgia Ben Hill Fitzgerald
2%
New Jersey Hunterdon Flemington
2%
Minnesota Benton Foley
2%
Georgia Charlton Folkston
2%
New York Montgomery Fonda
2%
Montana Chouteau Fort Benton
2%
Georgia Clay Fort Gaines
2%
Alabama DeKalb Fort Payne
2%
New Mexico De Baca Fort Sumner
2%
Georgia Peach Fort Valley
2%
Oregon Wheeler Fossil
2%
Kansas Wilson Fredonia
2%
New Jersey Monmouth Freehold
2%
Washington San Juan Friday Harbor
2%
Virginia Warren Front Royal
2%
Iowa Hancock Garner
2%
Virginia Scott Gate City
2%
Michigan Otsego Gaylord
2%
Minnesota Sibley Gaylord
2%
Michigan Gladwin Gladwin
2%
Arizona Gila Globe
2%
Illinois Pope Golconda
2%
Washington Klickitat Goldendale
2%
Texas Mills Goldthwaite
2%
Kansas Gove Gove City
2%
Michigan Ottawa Grand Haven
2%
Idaho Idaho Grangeville
2%
West Virginia Calhoun Grantsville
2%
Georgia Spalding Griffin
2%
Texas Trinity Groveton
2%
Virginia Buchanan Grundy
2%
Mississippi Harrison Gulfport and Biloxi
2%
Iowa Guthrie Guthrie Center
2%
Louisiana St. Charles Hahnville
2%
Idaho Blaine Hailey
2%
Kentucky Breckinridge Hardinsburg
2%
Montana Wheatland Harlowton
2%
Nebraska Cedar Hartington
2%
Tennessee Trousdale Hartsville
2%
Georgia Hart Hartwell
2%
Kentucky Hancock Hawesville
2%
Nebraska Hayes Hayes Center
2%
Alaska Denali Healy
2%
Arkansas Phillips Helena-West Helena
2%
Oregon Morrow Heppner
2%
North Carolina Perquimans Hertford
2%
North Dakota Adams Hettinger
2%
Georgia Towns Hiawassee
2%
Kansas Brown Hiawatha
2%
Kentucky Fulton Hickman
2%
Kansas Graham Hill City
2%
West Virginia Summers Hinton
2%
Oklahoma Kiowa Hobart
2%
Kentucky LaRue Hodgenville
2%
Oklahoma Hughes Holdenville
2%
Nebraska Phelps Holdrege
2%
Pennsylvania Blair Hollidaysburg
2%
Mississippi Marshall Holly Springs
2%
Georgia Clinch Homerville
2%
Colorado Grand Hot Sulphur Springs
2%
Michigan Livingston Howell
2%
Wisconsin Iron Hurley
2%
Iowa Ida Ida Grove
2%
Kansas Allen Iola
2%
South Dakota Edmunds Ipswich
2%
Georgia Wilkinson Irwinton
2%
Mississippi Tishomingo Iuka
2%
Mississippi Hinds Jackson and Raymond
2%
Louisiana LaSalle Jena
2%
Kansas Hodgeman Jetmore
2%
Tennessee Washington Jonesborough
2%
Missouri Clark Kahoka
2%
Wisconsin Menominee Keshena
2%
Wisconsin Kewaunee Kewaunee
2%
West Virginia Mineral Keyser
2%
Missouri Chariton Keytesville
2%
South Carolina Williamsburg Kingstree
2%
Pennsylvania Armstrong Kittanning
2%
Wisconsin Rusk Ladysmith
2%
New York Hamilton Lake Pleasant
2%
California Lake Lakeport
2%
Louisiana East Carroll Lake Providence
2%
North Dakota LaMoure LaMoure
2%
North Dakota Cavalier Langdon
2%
Michigan Baraga L'Anse
2%
Michigan Lapeer Lapeer
2%
Kansas Pawnee Larned
2%
Mississippi Jones Laurel and Ellisville
2%
Mississippi Greene Leakesville
2%
Kentucky Grayson Leitchfield
2%
Kansas Wichita Leoti
2%
Pennsylvania Clinton Lock Haven
2%
Arkansas Lonoke Lonoke
2%
North Carolina Franklin Louisburg
2%
Nebraska Sherman Loup City
2%
Massachusetts Middlesex Lowell and Cambridge
2%
New York Lewis Lowville
2%
Mississippi George Lucedale
2%
Michigan Mason Ludington
2%
Georgia Long Ludowici
2%
Georgia Stewart Lumpkin
2%
Maine Washington Machias
2%
Oklahoma Marshall Madill
2%
Montana Phillips Malta
2%
New Hampshire Hillsborough Manchester and Nashua
2%
Oklahoma Greer Mangum
2%
Utah Daggett Manila
2%
Michigan Schoolcraft Manistique
2%
Wisconsin Juneau Mauston
2%
Mississippi Issaquena Mayersville
2%
Ohio Vinton McArthur
2%
North Dakota Sheridan McClusky
2%
Ohio Morgan McConnelsville
2%
Georgia Henry McDonough
2%
Georgia Telfair McRae-Helena
2%
Kansas Barber Medicine Lodge
2%
Mississippi Simpson Mendenhall
2%
Georgia Candler Metter
2%
Pennsylvania Snyder Middleburg
2%
Pennsylvania Juniata Mifflintown
2%
Minnesota Mille Lacs Milaca
2%
South Carolina Berkeley Moncks Corner
2%
West Virginia Hardy Moorefield
2%
North Carolina Burke Morganton
2%
Oregon Sherman Moro
2%
Georgia Colquitt Moultrie
2%
Illinois Carroll Mount Carroll
2%
Michigan Macomb Mount Clemens
2%
Ohio Morrow Mount Gilead
2%
New Jersey Burlington Mount Holly
2%
Arkansas Montgomery Mount Ida
2%
Kentucky Hart Munfordville
2%
Georgia Brantley Nahunta
2%
Louisiana Assumption Napoleonville
2%
Nebraska Antelope Neligh
2%
Mississippi Perry New Augusta
2%
New York Rockland New City
2%
Oklahoma Washita New Cordell
2%
Iowa Chickasaw New Hampton
2%
Virginia New Kent New Kent
2%
Oklahoma Kay Newkirk
2%
North Carolina Avery Newland
2%
West Virginia Wetzel New Martinsville
2%
Georgia Coweta Newnan
2%
Louisiana Pointe Coupee New Roads
2%
Vermont Grand Isle North Hero
2%
Virginia Nottoway Nottoway
2%
Georgia Irwin Ocilla
2%
Wisconsin Oconto Oconto
2%
Washington Okanogan Okanogan
2%
Oklahoma Okfuskee Okemah
2%
Minnesota Renville Olivia
2%
Illinois Henderson Oquawka
2%
Colorado Crowley Ordway
2%
New Hampshire Carroll Ossipee
2%
New York Tioga Owego
2%
Florida Putnam Palatka
2%
Nebraska Sarpy Papillion
2%
Arkansas Greene Paragould
2%
West Virginia Tucker Parsons
2%
Oklahoma Garvin Pauls Valley
2%
Georgia Atkinson Pearson
2%
West Virginia Barbour Philippi
2%
Montana Granite Philipsburg
2%
Minnesota Pine Pine City
2%
Mississippi Calhoun Pittsboro
2%
North Carolina Chatham Pittsboro
2%
Louisiana Iberville Plaquemine
2%
Nebraska Cass Plattsmouth
2%
Montana Sheridan Plentywood
2%
Mississippi Pontotoc Pontotoc
2%
Mississippi Pearl River Poplarville
2%
Louisiana West Baton Rouge Port Allen
2%
Mississippi Claiborne Port Gibson
2%
Washington Kitsap Port Orchard
2%
Florida Gulf Port St. Joe
2%
Oklahoma Le Flore Poteau
2%
Virginia Powhatan Powhatan
2%
Kentucky Floyd Prestonsburg
2%
Oklahoma McClain Purcell
2%
Louisiana Richland Rayville
2%
Nebraska Webster Red Cloud
2%
South Dakota Spink Redfield
2%
Minnesota Redwood Redwood Falls
2%
Washington Ferry Republic
2%
New Mexico Catron Reserve
2%
Washington Adams Ritzville
2%
Tennessee Hawkins Rogersville
2%
Mississippi Sharkey Rolling Fork
2%
Michigan Roscommon Roscommon
2%
Montana Musselshell Roundup
2%
Iowa Sac Sac City
2%
Louisiana West Feliciana Saint Francisville
2%
Vermont Caledonia Saint Johnsbury
2%
Louisiana St. Martin Saint Martinville
2%
Massachusetts Essex Salem and Lawrence
2%
California Calaveras San Andreas
2%
Georgia Washington Sandersville
2%
Kentucky Elliott Sandy Hook
2%
Montana Daniels Scobey
2%
Alabama Jackson Scottsboro
2%
Florida Highlands Sebring
2%
South Dakota Walworth Selby
2%
Tennessee McNairy Selmer
2%
Mississippi Tate Senatobia
2%
Kansas Wallace Sharon Springs
2%
Wisconsin Shawano Shawano
2%
Kentucky Bullitt Shepherdsville
2%
Iowa Keokuk Sigourney
2%
South Dakota Roberts Sisseton
2%
Virginia Poquoson Poquoson
2%
North Carolina Johnston Smithfield
2%
Kentucky Livingston Smithland
2%
Maryland Worcester Snow Hill
2%
North Carolina Greene Snow Hill
2%
Georgia Treutlen Soperton
2%
Virginia Spotsylvania Spotsylvania Courthouse
2%
Nebraska Keya Paha Springview
2%
Idaho Fremont St. Anthony
2%
North Carolina Iredell Statesville
2%
Ohio Belmont St. Clairsville
2%
Missouri Crawford Steelville
2%
Oklahoma Haskell Stigler
2%
Idaho Benewah St. Maries
2%
Kansas Haskell Sublette
2%
Pennsylvania Northumberland Sunbury
2%
West Virginia Braxton Sutton
2%
Georgia Screven Sylvania
2%
Georgia Worth Sylvester
2%
Texas Lynn Tahoka
2%
Georgia Talbot Talbotton
2%
Louisiana Madison Tallulah
2%
Oklahoma Dewey Taloga
2%
North Carolina Edgecombe Tarboro
2%
Nebraska Burt Tekamah
2%
Nebraska Thomas Thedford
2%
Louisiana Lafourche Thibodaux
2%
Montana Sanders Thompson Falls
2%
Georgia McDuffie Thomson
2%
New Mexico Rio Arriba Tierra Amarilla
2%
Georgia Stephens Toccoa
2%
Kentucky Monroe Tompkinsville
2%
Pennsylvania Bradford Towanda
2%
North Dakota McHenry Towner
2%
Nebraska McPherson Tryon
2%
Mississippi Tunica Tunica
2%
Pennsylvania Wyoming Tunkhannock
2%
Louisiana Evangeline Ville Platte
2%
Wisconsin Vernon Viroqua
2%
Minnesota Wabasha Wabasha
2%
Minnesota Wadena Wadena
2%
Nebraska Saunders Wahoo
2%
Hawaii Maui Wailuku
2%
Kansas Trego WaKeeney
2%
South Carolina Oconee Walhalla
2%
Arkansas Lawrence Walnut Ridge
2%
South Carolina Colleton Walterboro
2%
Mississippi Webster Walthall
2%
Iowa Louisa Wapello
2%
Tennessee Morgan Wartburg
2%
North Dakota McLean Washburn
2%
Wisconsin Bayfield Washburn
2%
Oklahoma Blaine Watonga
2%
Florida Hardee Wauchula
2%
Oklahoma Jefferson Waurika
2%
Ohio Fulton Wauseon
2%
Iowa Hamilton Webster City
2%
West Virginia Webster Webster Springs
2%
Pennsylvania Tioga Wellsboro
2%
West Virginia Brooke Wellsburg
2%
Alabama Elmore Wetumpka
2%
Oklahoma Seminole Wewoka
2%
Wisconsin Trempealeau Whitehall
2%
South Dakota Mellette White River
2%
North Carolina Columbus Whiteville
2%
Kentucky McCreary Whitley City
2%
Nebraska Saline Wilber
2%
Oklahoma Latimer Wilburton
2%
Georgia Barrow Winder
2%
Virginia Wise Wise
2%
Georgia Camden Woodbine
2%
Georgia Pike Zebulon
2%
Virginia Washington Abingdon
0%
Mississippi Choctaw Ackerman
0%
Iowa Monroe Albia
0%
Maine York Alfred
0%
Iowa Kossuth Algona
0%
Iowa Butler Allison
0%
Tennessee Grundy Altamont
0%
North Dakota Slope Amidon
0%
Iowa Jones Anamosa
0%
Kansas Harper Anthony
0%
South Dakota Douglas Armour
0%
Arkansas Sharp Ash Flat
0%
Tennessee Cheatham Ashland City
0%
Alabama St. Clair Ashville and Pell City
0%
Minnesota Clearwater Bagley
0%
Wisconsin Polk Balsam Lake
0%
Kentucky Knox Barbourville
0%
Mississippi Panola Batesville and Sardis
0%
North Carolina Pamlico Bayboro
0%
Mississippi Jasper Bay Springs and Paulding
0%
Kentucky Lee Beattyville
0%
Michigan Antrim Bellaire
0%
Arkansas Carroll Berryville and Eureka Springs
0%
Michigan Benzie Beulah
0%
South Dakota Perkins Bison
0%
Florida Calhoun Blountstown
0%
Arkansas Mississippi Blytheville and Osceola
0%
Arkansas Logan Booneville and Paris
0%
North Dakota Burke Bowbells
0%
Virginia Mecklenburg Boydton
0%
Alabama Escambia Brewton
0%
South Dakota Marshall Britton
0%
Florida Levy Bronson
0%
West Virginia Upshur Buckhannon
0%
Florida Flagler Bunnell
0%
North Carolina Pender Burgaw
0%
Florida Sumter Bushnell
0%
Tennessee Pickett Byrdstown
0%
Kentucky Wolfe Campton
0%
New York Ontario Canandaigua
0%
North Dakota Towner Cando
0%
Illinois Macoupin Carlinville
0%
North Dakota Foster Carrington
0%
Mississippi Carroll Carrollton and Vaiden
0%
Washington Wahkiakum Cathlamet
0%
Kentucky Boyd Catlettsburg
0%
Minnesota Chisago Center City
0%
Louisiana St. Bernard Chalmette
0%
Arkansas Franklin Charleston and Ozark
0%
Mississippi Tallahatchie Charleston and Sumner
0%
Virginia Charlotte Charlotte Court House
0%
Alabama Washington Chatom
0%
Maryland Kent Chestertown
0%
Florida Washington Chipley
0%
Alabama Chilton Clanton
0%
Iowa Page Clarinda
0%
Virginia Dickenson Clintwood
0%
Arkansas Clay Corning and Piggott
0%
Michigan Shiawassee Corunna
0%
Washington Island Coupeville
0%
Virginia Southampton Courtland
0%
Wisconsin Forest Crandon
0%
Iowa Howard Cresco
0%
Iowa Union Creston
0%
Florida Dixie Cross City
0%
Michigan Iron Crystal Falls
0%
Kentucky Harrison Cynthiana
0%
Alabama Tallapoosa Dadeville
0%
Tennessee Jefferson Dandridge
0%
Arkansas Yell Danville and Dardanelle
0%
Tennessee Decatur Decaturville
0%
Arkansas Prairie Des Arc and DeValls Bluff
0%
South Dakota Kingsbury De Smet
0%
Arkansas Arkansas DeWitt and Stuttgart
0%
Kansas Lane Dighton
0%
North Carolina Surry Dobson
0%
Alabama Winston Double Springs
0%
California Sierra Downieville
0%
Wisconsin Pepin Durand
0%
Virginia Northampton Eastville
0%
Alabama Coffee Elba
0%
Minnesota Grant Elbow Lake
0%
Iowa Clayton Elkader
0%
Wisconsin Walworth Elkhorn
0%
Iowa Palo Alto Emmetsburg
0%
Washington Grant Ephrata
0%
Tennessee Unicoi Erwin
0%
Iowa Emmet Estherville
0%
Alabama Greene Eutaw
0%
Virginia Prince Edward Farmville
0%
South Dakota Faulk Faulkton
0%
North Dakota Wells Fessenden
0%
Virginia Botetourt Fincastle
0%
South Dakota Moody Flandreau
0%
Kentucky Fleming Flemingsburg
0%
Arkansas Dallas Fordyce
0%
North Dakota Sargent Forman
0%
New York Washington Fort Edward
0%
Iowa Lee Fort Madison and Keokuk
0%
South Dakota Stanley Fort Pierre
0%
Arkansas Sebastian Fort Smith and Greenwood
0%
North Dakota Sioux Fort Yates
0%
Louisiana Washington Franklinton
0%
Kentucky Menifee Frenchburg
0%
Tennessee Jackson Gainesboro
0%
South Dakota Buffalo Gann Valley
0%
Kansas Anderson Garnett
0%
Kansas Crawford Girard
0%
Minnesota McLeod Glencoe
0%
West Virginia Gilmer Glenville
0%
Minnesota Yellow Medicine Granite Falls
0%
Michigan Crawford Grayling
0%
Florida Clay Green Cove Springs
0%
Alabama Clarke Grove Hill
0%
Iowa Grundy Grundy Center
0%
Vermont Essex Guildhall
0%
Alabama Marshall Guntersville
0%
Minnesota Kittson Hallock
0%
West Virginia Lincoln Hamlin
0%
Kentucky Mercer Harrodsburg
0%
New Hampshire Grafton Haverhill
0%
Alabama Lowndes Hayneville
0%
Kentucky Perry Hazard
0%
Virginia Northumberland Heathsville
0%
Arkansas Cleburne Heber Springs
0%
Alabama Cleburne Heflin
0%
South Dakota Hyde Highmore
0%
Virginia Carroll Hillsville
0%
Kentucky Knott Hindman
0%
Tennessee Lewis Hohenwald
0%
Mississippi Chickasaw Houston and Okolona
0%
Kansas Sheridan Hoxie
0%
Kentucky Leslie Hyden
0%
Montana Treasure Hysham
0%
Kentucky Martin Inez
0%
Florida Citrus Inverness
0%
Minnesota Lincoln Ivanhoe
0%
Arkansas Craighead Jonesboro and Lake City
0%
South Dakota Jackson Kadoka
0%
Michigan Kalkaska Kalkaska
0%
North Carolina Duplin Kenansville
0%
South Dakota Lyman Kennebec
0%
Iowa Van Buren Keosauqua
0%
Virginia King and Queen King and Queen Court House
0%
Alaska Lake and Peninsula King Salmon
0%
Kansas Edwards Kinsley
0%
South Dakota Charles Mix Lake Andes
0%
Florida Union Lake Butler
0%
Arkansas Chicot Lake Village
0%
Kansas Kearny Lakin
0%
North Carolina Scotland Laurinburg
0%
Minnesota Le Sueur Le Center
0%
South Dakota McPherson Leola
0%
Maryland St. Mary's Leonardtown
0%
North Carolina Harnett Lillington
0%
North Dakota Emmons Linton
0%
Minnesota Morrison Little Falls
0%
New York Cattaraugus Little Valley
0%
Minnesota Todd Long Prairie
0%
Virginia Nelson Lovingston
0%
Virginia Page Luray
0%
Alabama Crenshaw Luverne
0%
Minnesota Rock Luverne
0%
Florida Baker Macclenny
0%
Minnesota Mahnomen Mahnomen
0%
Idaho Oneida Malad City
0%
Michigan Manistee Manistee
0%
North Carolina Dare Manteo
0%
Minnesota Dodge Mantorville
0%
California Alpine Markleeville
0%
West Virginia Pocahontas Marlinton
0%
Tennessee Union Maynardville
0%
Florida Lafayette Mayo
0%
New Jersey Atlantic Mays Landing
0%
Pennsylvania Fulton McConnellsburg
0%
West Virginia Tyler Middlebourne
0%
Vermont Addison Middlebury
0%
South Dakota Grant Milbank
0%
Ohio Holmes Millersburg
0%
North Dakota Benson Minnewaukan
0%
North Carolina Davie Mocksville
0%
North Dakota Renville Mohall
0%
Wisconsin Marquette Montello
0%
Washington Grays Harbor Montesano
0%
Virginia Westmoreland Montross
0%
Florida Glades Moore Haven
0%
Arkansas Conway Morrilton
0%
North Dakota Hettinger Mott
0%
Alabama Lawrence Moulton
0%
West Virginia Marshall Moundsville
0%
Tennessee Johnson Mountain City
0%
Iowa Ringgold Mount Ayr
0%
Kentucky Robertson Mount Olivet
0%
Illinois Brown Mount Sterling
0%
Kentucky Montgomery Mount Sterling
0%
Alaska Bristol Bay Naknek
0%
Wisconsin Clark Neillsville
0%
Pennsylvania Perry New Bloomfield
0%
West Virginia Hancock New Cumberland
0%
Vermont Windham Newfane
0%
Ohio Perry New Lexington
0%
North Dakota Eddy New Rockford
0%
Iowa Worth Northwood
0%
South Dakota Hutchinson Olivet
0%
Iowa Monona Onawa
0%
South Dakota Sully Onida
0%
Idaho Clearwater Orofino
0%
Minnesota Big Stone Ortonville
0%
Kansas Osborne Osborne
0%
Kentucky Bath Owingsville
0%
Kansas Miami Paola
0%
Minnesota Hubbard Park Rapids
0%
Michigan Van Buren Paw Paw
0%
Virginia Giles Pearisburg
0%
New York Yates Penn Yan
0%
Michigan Emmet Petoskey
0%
South Dakota Aurora Plankinton
0%
Louisiana Plaquemines Pointe à la Hache
0%
West Virginia Mason Point Pleasant
0%
Wisconsin Crawford Prairie Du Chien
0%
Alabama Autauga Prattville
0%
Iowa O'Brien Primghar
0%
Maryland Calvert Prince Frederick
0%
Maryland Somerset Princess Anne
0%
Washington Benton Prosser
0%
Mississippi Lamar Purvis
0%
North Carolina Hoke Raeford
0%
Minnesota Red Lake Red Lake Falls
0%
Iowa Montgomery Red Oak
0%
Michigan Osceola Reed City
0%
Wisconsin Richland Richland Center
0%
Pennsylvania Elk Ridgway
0%
Idaho Jefferson Rigby
0%
Arkansas Cleveland Rison
0%
Iowa Lyon Rock Rapids
0%
Iowa Calhoun Rockwell City
0%
Michigan Presque Isle Rogers City
0%
North Carolina Person Roxboro
0%
Idaho Minidoka Rupert
0%
Virginia Campbell Rustburg
0%
North Carolina Rutherford Rutherfordton
0%
Tennessee Grainger Rutledge
0%
Montana Golden Valley Ryegate
0%
Kentucky Magoffin Salyersville
0%
Kansas Chautauqua Sedan
0%
Wisconsin Washburn Shell Lake
0%
Wisconsin Burnett Siren
0%
Minnesota Murray Slayton
0%
Pennsylvania McKean Smethport
0%
Kansas Smith Smith Center
0%
Tennessee Hancock Sneedville
0%
Idaho Caribou Soda Springs
0%
Iowa Dickinson Spirit Lake
0%
Virginia Greene Stanardsville
0%
Michigan Arenac Standish
0%
Arkansas Lincoln Star City
0%
Michigan Mackinac St. Ignace
0%
Oklahoma Adair Stilwell
0%
West Virginia Nicholas Summersville
0%
Michigan Leelanau Suttons Bay
0%
North Carolina Hyde Swan Quarter
0%
Virginia Essex Tappahannock
0%
Michigan Iosco Tawas City
0%
South Dakota Dewey Timber Lake
0%
Pennsylvania Forest Tionesta
0%
Illinois Stark Toulon
0%
Mississippi Walthall Tylertown
0%
South Dakota Bon Homme Tyndall
0%
Alabama Bullock Union Springs
0%
Maryland Prince George's Upper Marlboro
0%
Kentucky Lewis Vanceburg
0%
North Carolina Anson Wadesboro
0%
Arkansas Scott Waldron
0%
New York Madison Wampsville
0%
Virginia Bath Warm Springs
0%
Minnesota Waseca Waseca
0%
Mississippi Yalobusha Water Valley and Coffeeville
0%
North Dakota McKenzie Watford City
0%
Iowa Allamakee Waukon
0%
Wisconsin Waupaca Waupaca
0%
Wisconsin Waushara Wautoma
0%
Alabama Randolph Wedowee
0%
North Carolina Rockingham Wentworth
0%
South Dakota Jerauld Wessington Springs
0%
Michigan Ogemaw West Branch
0%
Kentucky Morgan West Liberty
0%
Iowa Fayette West Union
0%
Ohio Adams West Union
0%
West Virginia Doddridge West Union
0%
Michigan Newaygo White Cloud
0%
Kentucky Letcher Whitesburg
0%
North Carolina Martin Williamston
0%
Connecticut Windham Willimantic
0%
Minnesota Cottonwood Windom
0%
Montana Petroleum Winnett
0%
Iowa Madison Winterset
0%
North Carolina Hertford Winton
0%
Maine Lincoln Wiscasset
0%
Ohio Monroe Woodsfield
0%
Arkansas Cross Wynne
0%
Virginia Wythe Wytheville
0%
North Carolina Yadkin Yadkinville
0%
North Carolina Caswell Yanceyville
0%
Kansas Woodson Yates Center
0%
Arkansas Marion Yellville
0%
No matching quizzes found
Score Distribution
Percent of People with Each Score
Percentile by Number Answered
Your Score History
You have not taken this quiz since the last reset